{"text_format":"3","workbook":"xlsx","n_sheets":1,"sheets":["8 - 11 класс "],"not_rendered":{"defined_names":3},"read":"whole","date_system":"1900"}

{"sheet":"8 - 11 класс ","index":0,"n_rows":344,"n_cols":16,"rows_kept":344,"merged":[[0,3,0,17]]}
[]
["№","Код ОО","Полное наименование образовательного учреждения (по уставу)","Пол","Участник ОВЗ (да/нет","Класс обучение","Класс участия","Количество баллов","Аппеляционный бал","Итоговый балл","Максимальный балл","Статус (победитель/призер)","Призёр республиканского этапа прошлого года","Фамилия педагога, подготовившего, участника олимпиады","Полное наименование образовательного учреждения (по уставу)","Предмет"]
[1,"261026_16846338305_10","Муниципальное бюджетное общеобразовательное учреждение \"Гимназия №26\"","м","нет",8,8,81,null,81,100,"Победитель",null,"Черникова Станислава Владимировна","Муниципальное бюджетное общеобразовательное учреждение \"Гимназия №26\"","Экономика"]
[2,"261035_17196767317_10","Муниципальное автономное общеобразовательное учреждение \"Средняя общеобразовательная школа №35 с углубленным изучением отдельных предметов\"","м","нет",7,8,76,null,76,100,"Призер",null,"Альменеев Александр Геннадьевич","Муниципальное автономное общеобразовательное учреждение \"Средняя общеобразовательная школа №35 с углубленным изучением отдельных предметов\"","Экономика"]
[3,"261076_17164269879_10","Муниципальное автономное общеобразовательное учреждение \"Гимназия №76\"","м",null,8,8,74,null,74,100,"Призер",null,"Сальникова Елена Леонидовна","Муниципальное автономное общеобразовательное учреждение города Набережные Челны \"Гимназия №76\"","Экономика"]
[4,"261076_16684808922_10","Муниципальное автономное общеобразовательное учреждение \"Гимназия №76\"","м",null,8,8,73,null,73,100,"Призер",null,"Сальникова Елена Леонидовна","Муниципальное автономное общеобразовательное учреждение города Набережные Челны \"Гимназия №76\"","Экономика"]
[5,"261035_17038319863_10","Муниципальное автономное общеобразовательное учреждение \"Средняя общеобразовательная школа №35 с углубленным изучением отдельных предметов\"","м","нет",7,8,73,null,73,100,"Призер",null,"Альменеев Александр Геннадьевич","Муниципальное автономное общеобразовательное учреждение \"Средняя общеобразовательная школа №35 с углубленным изучением отдельных предметов\"","Экономика"]
[6,"261035_17247588602_10","Муниципальное автономное общеобразовательное учреждение \"Средняя общеобразовательная школа №35 с углубленным изучением отдельных предметов\"","м","нет",7,8,68,null,68,100,"Призер",null,"Альменеев Александр Геннадьевич","Муниципальное автономное общеобразовательное учреждение \"Средняя общеобразовательная школа №35 с углубленным изучением отдельных предметов\"","Экономика"]
[7,"261026_16801133642_10","Муниципальное бюджетное общеобразовательное учреждение \"Гимназия №26\"","м",null,8,8,66,null,66,100,"Призер",null,"Черникова Станислава Владимировна","Муниципальное бюджетное общеобразовательное учреждение \"Гимназия №26\"","Экономика"]
[8,"261078_16863725511_10","Муниципальное автономное общеобразовательное учреждение \"Лицей № 78 имени А.С.Пушкина\"","м","нет",8,8,61,null,61,100,"Призер",null,"Рустами Марина Вячеславовна","Муниципальное автономное общеобразовательное учреждение \"Лицей № 78 имени А.С.Пушкина\"","Экономика"]
[9,"261035_17215845164_10","Муниципальное автономное общеобразовательное учреждение \"Средняя общеобразовательная школа №35 с углубленным изучением отдельных предметов\"","м","нет",7,8,60,null,60,100,"Призер",null,"Матурина Дарья Олеговна","Муниципальное автономное общеобразовательное учреждение \"Средняя общеобразовательная школа №35 с углубленным изучением отдельных предметов\"","Экономика"]
[10,"261060_17615804986_10","Муниципальное бюджетное общеобразовательное учреждение «Средняя общеобразовательная школа №60»","м",null,8,8,58,null,58,100,"Призер",null,"Юмакова Екатерина Александровна","Муниципальное бюджетное общеобразовательное учреждение «Средняя общеобразовательная школа №60»","Экономика"]
[11,"261026_16812801264_10","Муниципальное бюджетное общеобразовательное учреждение \"Гимназия №26\"","ж","нет",8,8,57,null,57,100,"Призер",null,"Черникова Станислава Владимировна","Муниципальное бюджетное общеобразовательное учреждение \"Гимназия №26\"","Экономика"]
[12,"261026_17635741293_10","Муниципальное бюджетное общеобразовательное учреждение \"Гимназия №26\"","м","нет",8,8,56,null,56,100,"Призер",null,"Черникова Станислава Владимировна","Муниципальное бюджетное общеобразовательное учреждение \"Гимназия №26\"","Экономика"]
[13,"261060_17470181468_10","Муниципальное бюджетное общеобразовательное учреждение «Средняя общеобразовательная школа №60»","м",null,8,8,55,null,55,100,"Призер",null,"Юмакова Екатерина Александровна","Муниципальное бюджетное общеобразовательное учреждение «Средняя общеобразовательная школа №60»","Экономика"]
[14,"261080_16653977518_10","Муниципальное бюджетное общеобразовательное учреждение \"Гимназия №14\"","ж",null,8,8,54,null,54,100,"Призер",null,"Закирова Лиля Наилевна","Муниципальное бюджетное общеобразовательное учреждение \"Гимназия №14\"","Экономика"]
[15,"263079_16880540900_10","Муниципальное бюджетное общеобразовательное учреждение \"Лицей-интернат №79\" ","м",null,8,8,53,null,53,100,"Призер",null,"Хусаинов Ильдар Ильгизович","Муниципальное бюджетное общеобразовательное учреждение \"Лицей-интернат №79\" г. Набережные Челны","Экономика"]
[16,"261026_17634393190_10","Муниципальное бюджетное общеобразовательное учреждение \"Гимназия №26\"","м","нет",8,8,53,null,53,100,"Призер",null,"Черникова Станислава Владимировна","Муниципальное бюджетное общеобразовательное учреждение \"Гимназия №26\"","Экономика"]
[17,"261026_16569661621_10","Муниципальное бюджетное общеобразовательное учреждение \"Гимназия №26\"","м","нет",8,8,52,null,52,100,"Призер",null,"Черникова Станислава Владимировна","Муниципальное бюджетное общеобразовательное учреждение \"Гимназия №26\"","Экономика"]
[18,"261026_17297703303_10","Муниципальное бюджетное общеобразовательное учреждение \"Гимназия №26\"","ж","нет",8,8,52,null,52,100,"Призер",null,"Черникова Станислава Владимировна","Муниципальное бюджетное общеобразовательное учреждение \"Гимназия №26\"","Экономика"]
[19,"261057_17681928117_10","Муниципальное бюджетное общеобразовательное учреждение \"Центр образования - Гимназия №57 \"Притяжение\"","ж","нет",8,8,51,null,51,100,"Призер",null,"Залялова Валентина Леонидовна","Муниципальное бюджетное общеобразовательное учреждение \"Центр образования - Гимназия №57 \"Притяжение\"","Экономика"]
[20,"261061_17192694600_10","Муниципальное автономное общеобразовательное учреждение \"Гимназия №61\" ","м","нет",8,8,51,null,51,100,"Призер",null,"Шамина Мария Николаевна","Муниципальное автономное общеобразовательное учреждение \"Гимназия №61\" г.Набережные Челны","Экономика"]
[21,"261080_17086676907_10","Муниципальное бюджетное общеобразовательное учреждение \"Гимназия №14\"","м",null,8,8,51,null,51,100,"Призер",null,"Закирова Лиля Наилевна","Муниципальное бюджетное общеобразовательное учреждение \"Гимназия №14\"","Экономика"]
[22,"261037_16878980659_10","Муниципальное бюджетное общеобразовательное учреждение \"Средняя общеобразовательная школа № 37 с углубленным изучением отдельных предметов\" ","м","нет",8,8,51,null,51,100,"Призер",null,"Ганьшина Любовь Александровна","Муниципальное бюджетное общеобразовательное учреждение \"Средняя общеобразовательная школа № 37 с углубленным изучением отдельных предметов\" города Набережные Челны Республики Татарстан","Экономика"]
[23,"265001_17316203136_10","Муниципальное автономное общеобразовательное учреждение «Гимназия 77»","ж",null,7,8,51,null,51,100,"Призер",null,"Фаттахова Лилия Сабирзяновна","Муниципальное автономное общеобразовательное учреждение «Гимназия 77»","Экономика"]
[24,"265006_16896254430_10","Муниципальное бюджетное общеобразовательное учреждение\"Многопрофильная школа №39\"","ж",null,8,8,45,null,45,100,null,null,"Сергеева Зинаида Степановна","Муниципальное бюджетное общеобразовательное учреждение\"Многопрофильная школа №39\"","Экономика"]
[25,"261031_16756635916_10","Муниципальное бюджетное общеобразовательное учреждение \"Средняя общеобразовательная школа №31 с углубленным изучением отдельных предметов\"","м","нет",8,8,44,null,44,100,null,null,"Юсупова Владислава Руслановна","Муниципальное бюджетное общеобразовательное учреждение \"Средняя общеобразовательная школа №31 с углубленным изучением отдельных предметов\"","Экономика"]
[26,"265006_17454034564_10","Муниципальное бюджетное общеобразовательное учреждение\"Многопрофильная школа №39\"","ж",null,8,8,43,null,43,100,null,null,"Сергеева Зинаида Степановна","Муниципальное бюджетное общеобразовательное учреждение\"Многопрофильная школа №39\"","Экономика"]
[27,"261026_16756636110_10","Муниципальное бюджетное общеобразовательное учреждение \"Гимназия №26\"","ж",null,8,8,42,null,42,100,null,null,"Черникова Станислава Владимировна","Муниципальное бюджетное общеобразовательное учреждение \"Гимназия №26\"","Экономика"]
[28,"261078_16756638114_10","Муниципальное автономное общеобразовательное учреждение \"Лицей № 78 имени А.С.Пушкина\"","м","нет",8,8,41,null,41,100,null,null,"Мухтярова Эльмира Исхаковна","Муниципальное автономное общеобразовательное учреждение \"Лицей № 78 имени А.С.Пушкина\"","Экономика"]
[29,"261021_18613166170_10","Муниципальное автономное общеобразовательное учреждение \"Средняя общеобразовательная школа № 21\" ","ж",null,8,8,40,null,40,100,null,null,"Закиева Талия Назиловна","Муниципальное автономное общеобразовательное учреждение \"Средняя общеобразовательная школа № 21\" г.Набережные Челны","Экономика"]
[30,"261041_16432566365_10","Муниципальное бюджетное общеобразовательное учреждение \"Средняя общеобразовательная школа №41\"","ж","нет",8,8,39,null,39,100,null,null,"Зайнетдинова Эльмира Гаптрашитовна","Муниципальное бюджетное общеобразовательное учреждение \"Средняя общеобразовательная школа №41\"","Экономика"]
[31,"261030_17247607075_10","Муниципальное бюджетное общеобразовательное учреждение \"Средняя общеобразовательная школа №30\"","ж","нет",8,8,38,null,38,100,null,null,"Климова Гульназ Айратовна","Муниципальное бюджетное общеобразовательное учреждение \"Средняя общеобразовательная школа №30\"","Экономика"]
[32,"261019_16785395430_10","Муниципальное бюджетное общеобразовательное учреждение «Средняя общеобразовательная школа № 19 с углубленным изучением отдельных предметов»","м","нет",8,8,38,null,38,100,null,null,"Низамова Райля Диганшиевна","Муниципальное бюджетное общеобразовательное учреждение «Средняя общеобразовательная школа № 19 с углубленным изучением отдельных предметов»","Экономика"]
[33,"261006_16684791426_10","Муниципальное бюджетное общеобразовательное учреждение \"Средняя общеобразовательная школа №6\"","ж",null,8,8,38,null,38,100,null,null,"Грязнов Александр Васильевич","Муниципальное бюджетное общеобразовательное учреждение \"Средняя общеобразовательная школа №6\"","Экономика"]
[34,"261078_17678324922_10","Муниципальное автономное общеобразовательное учреждение \"Лицей № 78 имени А.С.Пушкина\"","ж","нет",8,8,38,null,38,100,null,null,"Мухтярова Эльмира Исхаковна","Муниципальное автономное общеобразовательное учреждение \"Лицей № 78 имени А.С.Пушкина\"","Экономика"]
[35,"261041_16684799543_10","Муниципальное бюджетное общеобразовательное учреждение \"Средняя общеобразовательная школа №41\"","м","нет",8,8,37,null,37,100,null,null,"Мухаметшина Гульназ Саматовна","Муниципальное бюджетное общеобразовательное учреждение \"Средняя общеобразовательная школа №41\"","Экономика"]
[36,"261061_16372523263_10","Муниципальное автономное общеобразовательное учреждение \"Гимназия №61\"","м","нет",8,8,37,null,37,100,null,null,"Шамина Мария Николаевна","Муниципальное автономное общеобразовательное учреждение \"Гимназия №61\" г.Набережные Челны","Экономика"]
[37,"261051_16967064116_10","Муниципальное автономное общеобразовательное учреждение \"Средняя общеобразовательная школа №51\"","м",null,8,8,36,null,36,100,null,null,"Альмиева Гульнур Вахитовна","Муниципальное автономное общеобразовательное учреждение города Набережные Челны \"Средняя общеобразовательная школа №51\"","Экономика"]
[38,"261022_16947539630_10","Муниципальное бюджетное общеобразовательное учреждение \"Средняя общеобразовательная школа № 22\" ","ж","нет",8,8,35,null,35,100,null,null,"Поздеева Гузель Фоатовна","Муниципальное бюджетное общеобразовательное учреждение \"Средняя общеобразовательная школа № 22\" г.Наб.Челны Республики Татарстан","Экономика"]
[39,"263018_16552902879_10","Муниципальное общеобразовательное учреждение \"Средняя общеобразовательная школа №18 с углубленным изучением отдельных предметов\"","м",null,8,8,34,null,34,100,null,null,"Оганесян Лия Левоновна","Муниципальное общеобразовательное учреждение \"Средняя общеобразовательная школа №18 с углубленным изучением отдельных предметов\"","Экономика"]
[40,"261007_17353239677_10","Муниципальное бюджетное общеобразовательное учреждение \"Средняя общеобразовательная школа №7\" ","м",null,8,8,33,null,33,100,null,null,"Халитова Ирина Габдрахмановна","Муниципальное бюджетное общеобразовательное учреждение \"Средняя общеобразовательная школа №7\" города Набережные Челны Республики Татарстан","Экономика"]
[41,"261025_16785393022_10","Муниципальное бюджетное общеобразовательное учреждение \"Средняя общеобразовательная школа №25\" ","ж","нет",8,8,31,null,31,100,null,null,"Мунирова Анжела Николаевна","Муниципальное бюджетное общеобразовательное учреждение \"Средняя общеобразовательная школа №25\" г. Набережные Челны РТ","Экономика"]
[42,"261040_16653990611_10","Муниципальное автономное общеобразовательное учреждение  «Средняя общеобразовательная школа №40 с углубленным изучением отдельных предметов»","ж","нет",8,8,29,null,29,100,null,null,"Григорьева Виктория Анатольевна","Муниципальное автономное общеобразовательное учреждение города Набережные Челны «Средняя общеобразовательная школа №40 с углубленным изучением отдельных предметов»","Экономика"]
[43,"261057_16850677303_10","Муниципальное бюджетное общеобразовательное учреждение \"Центр образования - Гимназия №57 \"Притяжение\"","ж",null,8,8,29,null,29,100,null,null,"Залялова Валентина Леонидовна","Муниципальное бюджетное общеобразовательное учреждение \"Центр образования - Гимназия №57 \"Притяжение\"","Экономика"]
[44,"263002_16632655277_10","Муниципальное бюджетное общеобразовательное учреждение \"Гимназия №2 имени Мулланура Вахитова\" ","ж","нет",8,8,29,null,29,100,null,null,"Габдулвалиева Гузелия Рафаковна","Муниципальное бюджетное общеобразовательное учреждение \"Гимназия №2 имени Мулланура Вахитова\" города Набережные Челны","Экономика"]
[45,"261007_19094932103_10","Муниципальное бюджетное общеобразовательное учреждение \"Средняя общеобразовательная школа №7\" ","ж",null,8,8,28,null,28,100,null,null,"Халитова Ирина Габдрахмановна","Муниципальное бюджетное общеобразовательное учреждение \"Средняя общеобразовательная школа №7\" города Набережные Челны Республики Татарстан","Экономика"]
[46,"265006_16826044377_10","Муниципальное бюджетное общеобразовательное учреждение\"Многопрофильная школа №39\"","м",null,8,8,28,null,28,100,null,null,"Сергеева Зинаида Степановна","Муниципальное бюджетное общеобразовательное учреждение\"Многопрофильная школа №39\"","Экономика"]
[47,"261040_16547867013_10","Муниципальное автономное общеобразовательное учреждение  «Средняя общеобразовательная школа №40 с углубленным изучением отдельных предметов»","ж","нет",8,8,27,null,27,100,null,null,"Григорьева Виктория Анатольевна","Муниципальное автономное общеобразовательное учреждение города Набережные Челны «Средняя общеобразовательная школа №40 с углубленным изучением отдельных предметов»","Экономика"]
[48,"261001_17288246603_10","Муниципальное автонономное общеобразовательное учреждение  \"Средняя общеобразовательная школа №1\"","ж","нет",8,8,27,null,27,100,null,null,"Перелыгина Татьяна Анатольевна","Муниципальное автонономное общеобразовательное учреждение города Набережные челны \"Средняя общеобразовательная школа №1\"","Экономика"]
[49,"261045_16785394933_10","Муниципальное бюджетное общеобразовательное учреждение \"Средняя общеобразовательная школа №45 с углубленным изучением отдельных предметов\" ","м","нет",8,8,27,null,27,100,null,null,"Калимуллина Гульназ Ильмировна","Муниципальное бюджетное общеобразовательное учреждение \"Средняя общеобразовательная школа №45 с углубленным изучением отдельных предметов\" г.Набережные Челны Республики Татарстан","Экономика"]
[50,"265006_17137344965_10","Муниципальное бюджетное общеобразовательное учреждение\"Многопрофильная школа №39\"","м",null,8,8,26,null,26,100,null,null,"Сергеева Зинаида Степановна","Муниципальное бюджетное общеобразовательное учреждение\"Многопрофильная школа №39\"","Экономика"]
[51,"261078_16439413375_10","Муниципальное автономное общеобразовательное учреждение \"Лицей № 78 имени А.С.Пушкина\"","м","нет",8,8,26,null,26,100,null,null,"Мухтярова Эльмира Исхаковна","Муниципальное автономное общеобразовательное учреждение \"Лицей № 78 имени А.С.Пушкина\""]
[52,"261019_16520114725_10","Муниципальное бюджетное общеобразовательное учреждение «Средняя общеобразовательная школа № 19 с углубленным изучением отдельных предметов»","м","нет",8,8,25,null,25,100,null,null,"Низамова Райля Диганшиевна","Муниципальное бюджетное общеобразовательное учреждение «Средняя общеобразовательная школа № 19 с углубленным изучением отдельных предметов»","Экономика"]
[53,"261028_16846339509_10","Муниципальное бюджетное общеобразовательное учреждение \"Средняя общеобразовательная школа №28\"","м","нет",8,8,24,null,24,100,null,null,"Сафина Гульназ Ильфаковна","Муниципальное бюджетное общеобразовательное учреждение \"Средняя общеобразовательная школа №28\"","Экономика"]
[54,"261032_16729051497_10","Муниципальное бюджетное образовательное учреждение \"Средняя общеобразовательная школа №32 с углубленным изучением отдельных предметов» г. Набережные Челны Республики Татарстан","ж","нет",8,8,24,null,24,100,null,null,"Пестерева Марина Арнольдовна","Муниципальное бюджетное образовательное учреждение \"Средняя общеобразовательная школа №32 с углубленным изучением отдельных предметов» г. Набережные Челны Республики Татарстан","Экономика"]
[55,"261027_16698839656_10","Муниципальное бюджетное общеобраховатеьное учреждение \"Средняя общеобрзовательная школа №27\"","ж",null,8,8,22,null,22,100,null,null,"Бикмухаметова Рузия Фанилевна","Муниципальное бюджетное общеобраховатеьное учреждение \"Средняя общеобрзовательная школа №27\"","Экономика"]
[56,"261060_17105047830_10","Муниципальное бюджетное общеобразовательное учреждение «Средняя общеобразовательная школа №60»","м",null,7,8,22,null,22,100,null,null,"Смурякова Елена Евгеньевна","Муниципальное бюджетное общеобразовательное учреждение «Средняя общеобразовательная школа №60»","Экономика"]
[57,"261056_16912454983_10","Муниципальное автономное общеобразовательное учреждение города Набережные Челны «Средняя общеобразовательная школа №56» имени Героя России Сергея Чебнёва","ж",null,8,8,21,null,21,100,null,null,"Фаткуллина Динара Айратовна","Муниципальное автономное общеобразовательное учреждение города Набережные Челны «Средняя общеобразовательная школа №56» имени Героя России Сергея Чебнёва","Экономика"]
[58,"261078_16913393691_10","Муниципальное автономное общеобразовательное учреждение \"Лицей № 78 имени А.С.Пушкина\"","ж","нет",8,8,21,null,21,100,null,null,"Мухтярова Эльмира Исхаковна","Муниципальное автономное общеобразовательное учреждение \"Лицей № 78 имени А.С.Пушкина\"","Экономика"]
[59,"261035_17142426746_10","Муниципальное автономное общеобразовательное учреждение \"Средняя общеобразовательная школа №35 с углубленным изучением отдельных предметов\"","ж","нет",7,8,21,null,21,100,null,null,"Матурина Дарья Олеговна","Муниципальное автономное общеобразовательное учреждение \"Средняя общеобразовательная школа №35 с углубленным изучением отдельных предметов\"","Экономика"]
[60,"265001_16547863712_10","Муниципальное автономное общеобразовательное учреждение «Гимназия 77»","ж",null,8,8,20,null,20,100,null,null,"Фаттахова Лилия Сабирзяновна","Муниципальное автономное общеобразовательное учреждение «Гимназия 77»","Экономика"]
[61,"261062_16929043498_10","Муниципальное бюджетное общеобразовательное учреждение «Средняя общеобразовательная школа «Центр образования № 62»","м","нет",8,8,20,null,20,100,null,null,"Тетерина Татьяна Ивановна","Муниципальное бюджетное общеобразовательное учреждение «Средняя общеобразовательная школа «Центр образования № 62»","Экономика"]
[62,"261078_16756618815_10","Муниципальное автономное общеобразовательное учреждение \"Лицей № 78 имени А.С.Пушкина\"","м","нет",8,8,20,null,20,100,null,null,"Мухтярова Эльмира Исхаковна","Муниципальное автономное общеобразовательное учреждение \"Лицей № 78 имени А.С.Пушкина\"","Экономика"]
[63,"261051_17017114121_10","Муниципальное автономное общеобразовательное учреждение города Набережные Челны \"Средняя общеобразовательная школа №51\"","м",null,8,8,20,null,20,100,null,null,"Альмиева Гульнур Вахитовна","Муниципальное автономное общеобразовательное учреждение города Набережные Челны \"Средняя общеобразовательная школа №51\"","Экономика"]
[64,"261056_17248988522_10","Муниципальное автономное общеобразовательное учреждение города Набережные Челны «Средняя общеобразовательная школа №56» имени Героя России Сергея Чебнёва","м",null,8,8,19,null,19,100,null,null,"Фаткуллина Динара Айратовна","Муниципальное автономное общеобразовательное учреждение города Набережные Челны «Средняя общеобразовательная школа №56» имени Героя России Сергея Чебнёва","Экономика"]
[65,"261078_16812796701_10","Муниципальное автономное общеобразовательное учреждение \"Лицей № 78 имени А.С.Пушкина\"","ж","нет",8,8,19,null,19,100,null,null,"Мухтярова Эльмира Исхаковна","Муниципальное автономное общеобразовательное учреждение \"Лицей № 78 имени А.С.Пушкина\"","Экономика"]
[66,"261035_17340801851_10","Муниципальное автономное общеобразовательное учреждение \"Средняя общеобразовательная школа №35 с углубленным изучением отдельных предметов\"","м","нет",7,8,18,null,18,100,null,null,"Матурина Дарья Олеговна","Муниципальное автономное общеобразовательное учреждение \"Средняя общеобразовательная школа №35 с углубленным изучением отдельных предметов\"","Экономика"]
[67,"261025_16547869825_10","Муниципальное бюджетное общеобразовательное учреждение \"Средняя общеобразовательная школа №25\" г. Набережные Челны РТ","ж","нет",8,8,17,null,17,100,null,null,"Мунирова Анжела Николаевна","Муниципальное бюджетное общеобразовательное учреждение \"Средняя общеобразовательная школа №25\" г. Набережные Челны РТ","Экономика"]
[68,"261023_16653985820_10","Муниципальное бюджетное общеобразовательное учреждение \"Средняя общеобразовательная школа №23\" г.Набережные Челны Республики Татарстан","м","нет",8,8,17,null,17,100,null,null,"Самарханова Лилия Гумеровна","Муниципальное бюджетное общеобразовательное учреждение \"Средняя общеобразовательная школа №23\" г.Набережные Челны Республики Татарстан","Экономика"]
[69,"261019_17804762090_10","Муниципальное бюджетное общеобразовательное учреждение «Средняя общеобразовательная школа № 19 с углубленным изучением отдельных предметов»","м","нет",8,8,17,null,17,100,null,null,"Низамова Райля Диганшиевна","Муниципальное бюджетное общеобразовательное учреждение «Средняя общеобразовательная школа № 19 с углубленным изучением отдельных предметов»","Экономика"]
[70,"261028_16552901372_10","Муниципальное бюджетное общеобразовательное учреждение \"Средняя общеобразовательная школа №28\"","м","нет",8,8,16,null,16,100,null,null,"Сафина Гульназ Ильфаковна","Муниципальное бюджетное общеобразовательное учреждение \"Средняя общеобразовательная школа №28\"","Экономика"]
[71,"261055_16547843706_10","Муниципальное автономное общеобразовательное учреждение города Набережные Челны \"Средняя общеобразовательная школа №55\"","ж","нет",8,8,15,null,15,100,null,null,"Сибгаева Лилия Харисовна","Муниципальное автономное общеобразовательное учреждение города Набережные Челны \"Средняя общеобразовательная школа №55\"","Экономика"]
[72,"263052_17845958136_10","Муниципальное бюджетное общеобразовательное учреждение «Средняя общеобразовательная школа №52»","ж","нет",8,8,14,null,14,100,null,null,"Байгазина Гульсина Хафисовна","Муниципальное бюджетное общеобразовательное учреждение «Средняя общеобразовательная школа №52»","Экономика"]
[73,"261032_17327376178_10","Муниципальное бюджетное образовательное учреждение \"Средняя общеобразовательная школа №32 с углубленным изучением отдельных предметов» г. Набережные Челны Республики Татарстан","ж","нет",8,8,14,null,14,100,null,null,"Пестерева Марина Арнольдовна","Муниципальное бюджетное образовательное учреждение \"Средняя общеобразовательная школа №32 с углубленным изучением отдельных предметов» г. Набережные Челны Республики Татарстан","Экономика"]
[74,"261044_18078558812_10","Муниципальное бюджетное общеобразоаптельное учреждение \"Средняя общеобразовательная школа № 44\"","ж",null,8,8,13,null,13,100,null,null,"Садртдинова Лилия Хаертдиновна","Муниципальное бюджетное общеобразоаптельное учреждение \"Средняя общеобразовательная школа № 44\"","Экономика"]
[75,"263003_16912453880_10","Муниципальное бюджетное общеобразовательное учреждение \"Средняя общеобразовательная школа №3\"","ж","нет",8,8,13,null,13,100,null,null,"Сатдарова Эльзида Рамзиловна","Муниципальное бюджетное общеобразовательное учреждение \"Средняя общеобразовательная школа №3\"","Экономика"]
[76,"263058_16606237968_10","Муниципальное бюджетное общеобразовательное учреждение \"Средняя общеобразовательная школа №58\"","ж","нет",8,8,13,null,13,100,null,null,"Архипова Полина Анатольевна","Муниципальное бюджетное общеобразовательное учреждение \"Средняя общеобразовательная школа №58\"","Экономика"]
[77,"261031_16769155115_10","Муниципальное бюджетное общеобразовательное учреждение \"Средняя общеобразовательная школа №31 с углубленным изучением отдельных предметов\"","ж","нет",8,8,12,null,12,100,null,null,"Юсупова Владислава Руслановна","Муниципальное бюджетное общеобразовательное учреждение \"Средняя общеобразовательная школа №31 с углубленным изучением отдельных предметов\"","Экономика"]
[78,"263058_16863731203_10","Муниципальное бюджетное общеобразовательное учреждение \"Средняя общеобразовательная школа №58\"","м","нет",8,8,12,null,12,100,null,null,"Архипова Полина Анатольевна","Муниципальное бюджетное общеобразовательное учреждение \"Средняя общеобразовательная школа №58\"","Экономика"]
[79,"261027_16570873597_10","Муниципальное бюджетное общеобраховатеьное учреждение \"Средняя общеобрзовательная школа №27\"","ж",null,8,8,11,null,11,100,null,null,"Бикмухаметова Рузия Фанилевна","Муниципальное бюджетное общеобраховатеьное учреждение \"Средняя общеобрзовательная школа №27\"","Экономика"]
[80,"263052_17212369244_10","Муниципальное бюджетное общеобразовательное учреждение «Средняя общеобразовательная школа №52»","ж","нет",8,8,11,null,11,100,null,null,"Байгазина Гульсина Хафисовна","Муниципальное бюджетное общеобразовательное учреждение «Средняя общеобразовательная школа №52»","Экономика"]
[81,"261046_16707424878_10","Муниципальное бюджетное общеобразовательное учреждение  \"Средняя школа №46 имени кавалера ордена мужества Дмитрия Бадретдинова\"","м","нет",8,8,11,null,11,100,null,null,"Логинов Иван Алексеевич","Муниципальное бюджетное общеобразовательное учреждение  \"Средняя школа №46 имени кавалера ордена мужества Дмитрия Бадретдинова\"","Экономика"]
[82,"261044_16850677000_10","Муниципальное бюджетное общеобразоаптельное учреждение \"Средняя общеобразовательная школа № 44\"","ж",null,8,8,11,null,11,100,null,null,"Садртдинова Лилия Хаертдиновна","Муниципальное бюджетное общеобразоаптельное учреждение \"Средняя общеобразовательная школа № 44\"","Экономика"]
[83,"261048_17253391569_10","Муниципальное автономное общеобразовательное учреждение \"Средняя общеобразовательная школа№48\"","м","нет",8,8,11,null,11,100,null,null,"Галимова Алина Рифкатовна","Муниципальное автономное общеобразовательное учреждение \"Средняя общеобразовательная школа№48\"","Экономика"]
[84,"261008_17962479128_10","Муниципальное бюджетное общеобразовательное учреждение «Средняя общеобразовательная школа № 8»","ж","нет",8,8,10,null,10,100,null,null,"Сулейманов Руслан Шерзодович","Муниципальное бюджетное общеобразовательное учреждение «Средняя общеобразовательная школа № 8»","Экономика"]
[85,"261033_16846337808_10","муниципальное бюджетное общеобразовательное учреждение \"Средняя общеобразовательная школа №33\"","ж","нет",8,8,9,null,9,100,null,null,"Галиева Светлана Николаевна","муниципальное бюджетное общеобразовательное учреждение \"Средняя общеобразовательная школа №33\"","Экономика"]
[86,"261049_16967059123_10","Муниципальное автономное образовательное учреждение \"Кадетская школа № 49\", г.Набережные Челны","м","нет",8,8,8,null,8,100,null,null,"Насипова Аделя Ильнаровна","Муниципальное автономное образовательное учреждение \"Кадетская школа № 49\", г.Набережные Челны","Экономика"]
[87,"263018_17251011523_10","Муниципальное общеобразовательное учреждение \"Средняя общеобразовательная школа №18 с углубленным изучением отдельных предметов\"","ж",null,8,8,7,null,7,100,null,null,"Оганесян Лия Левоновна","Муниципальное общеобразовательное учреждение \"Средняя общеобразовательная школа №18 с углубленным изучением отдельных предметов\"","Экономика"]
[88,"261048_16570867602_10","Муниципальное автономное общеобразовательное учреждение \"Средняя общеобразовательная школа№48\"","м","нет",8,8,7,null,7,100,null,null,"Галимова Алина Рифкатовна","Муниципальное автономное общеобразовательное учреждение \"Средняя общеобразовательная школа№48\"","Экономика"]
[89,"261026_17247674898_10","Муниципальное бюджетное общеобразовательное учреждение \"Гимназия №26\"","ж","нет",9,9,74,4,78,100,"Победитель",null,"Черникова Станислава Владимировна","Муниципальное бюджетное общеобразовательное учреждение \"Гимназия №26\"","Экономика"]
[90,"261060_16316755773_10","Муниципальное бюджетное общеобразовательное учреждение «Средняя общеобразовательная школа №60»","м","нет",9,9,74,4,78,100,"Победитель","Да","Смурякова Елена Евгеньевна","Муниципальное бюджетное общеобразовательное учреждение «Средняя общеобразовательная школа №60»","Экономика"]
[91,"261026_17320250525_10","Муниципальное бюджетное общеобразовательное учреждение \"Гимназия №26\"","ж","нет",9,9,71,null,71,100,"Призер",null,"Черникова Станислава Владимировна","Муниципальное бюджетное общеобразовательное учреждение \"Гимназия №26\"","Экономика"]
[92,"261078_15825679205_10","Муниципальное автономное общеобразовательное учреждение \"Лицей № 78 имени А.С.Пушкина\"","ж","нет",9,9,68,null,68,100,"Призер","Да","Мухтярова Эльмира Исхаковна","Муниципальное автономное общеобразовательное учреждение \"Лицей № 78 имени А.С.Пушкина\"","Экономика"]
[93,"261026_17287726309_10","Муниципальное бюджетное общеобразовательное учреждение \"Гимназия №26\"","м","нет",9,9,67,null,67,100,"Призер",null,"Черникова Станислава Владимировна","Муниципальное бюджетное общеобразовательное учреждение \"Гимназия №26\"","Экономика"]
[94,"265001_17625317173_10","Муниципальное автономное общеобразовательное учреждение «Гимназия 77»","м",null,9,9,66,null,66,100,"Призер",null,"Фаттахова Лилия Сабирзяновна","Муниципальное автономное общеобразовательное учреждение «Гимназия 77»","Экономика"]
[95,"261035_17164276371_10","Муниципальное автономное общеобразовательное учреждение \"Средняя общеобразовтельная школа №35 с углубленным изучением отдельных предметов\" г. Набережные Челны Республики Татарстан","м","нет",9,9,64,null,64,100,"Призер","Да","Альменеев Александр Геннадьевич","Муниципальное автономное общеобразовательное учреждение \"Средняя общеобразовтельная школа №35 с углубленным изучением отдельных предметов\" г. Набережные Челны Республики Татарстан","Экономика"]
[96,"261078_17231183338_10","Муниципальное автономное общеобразовательное учреждение \"Лицей № 78 имени А.С.Пушкина\"","м","нет",9,9,63,null,63,100,"Призер",null,"Рустами Марина Вячеславовна","Муниципальное автономное общеобразовательное учреждение \"Лицей № 78 имени А.С.Пушкина\"","Экономика"]
[97,"261057_17262754580_10","Муниципальное бюджетное общеобразовательное учреждение \"Центр образования - Гимназия №57 \"Притяжение\"","м",null,9,9,62,null,62,100,"Призер","Да","Ибрагимова Лейсан Ханифовна","Муниципальное бюджетное общеобразовательное учреждение \"Центр образования - Гимназия №57 \"Притяжение\"","Экономика"]
[98,"261076_17136583069_10","Муниципальное автономное общеобразовательное учреждение города Набережные Челны \"Гимназия №76\"","ж",null,9,9,60,null,60,100,"Призер","Да","Сальникова Елена Леонидовна","Муниципальное автономное общеобразовательное учреждение города Набережные Челны \"Гимназия №76\"","Экономика"]
[99,"261026_17293426889_10","Муниципальное бюджетное общеобразовательное учреждение \"Гимназия №26\"","м","нет",9,9,59,null,59,100,"Призер","Да","Черникова Станислава Владимировна","Муниципальное бюджетное общеобразовательное учреждение \"Гимназия №26\"","Экономика"]
[100,"261061_17826545609_10","Муниципальное автономное общеобразовательное учреждение \"Гимназия №61\" г.Набережные Челны","м","нет",9,9,59,null,59,100,"Призер","Да","Хабитова Инна Ханифовна","Муниципальное автономное общеобразовательное учреждение \"Гимназия №61\" г.Набережные Челны","Экономика"]
[101,"261078_15929558018_10","Муниципальное автономное общеобразовательное учреждение \"Лицей № 78 имени А.С.Пушкина\"","ж","нет",9,9,59,null,59,100,"Призер",null,"Мухтярова Эльмира Исхаковна","Муниципальное автономное общеобразовательное учреждение \"Лицей № 78 имени А.С.Пушкина\"","Экономика"]
[102,"261078_17348464091_10","Муниципальное автономное общеобразовательное учреждение \"Лицей № 78 имени А.С.Пушкина\"","м","нет",9,9,59,null,59,100,"Призер","Да","Мухтярова Эльмира Исхаковна","Муниципальное автономное общеобразовательное учреждение \"Лицей № 78 имени А.С.Пушкина\"","Экономика"]
[103,"261078_17190473472_10","Муниципальное автономное общеобразовательное учреждение \"Лицей № 78 имени А.С.Пушкина\"","м","нет",9,9,58,null,58,100,"Призер","Да","Мухтярова Эльмира Исхаковна","Муниципальное автономное общеобразовательное учреждение \"Лицей № 78 имени А.С.Пушкина\"","Экономика"]
[104,"261078_17348464192_10","Муниципальное автономное общеобразовательное учреждение \"Лицей № 78 имени А.С.Пушкина\"","ж","нет",9,9,58,null,58,100,"Призер","Да","Мухтярова Эльмира Исхаковна","Муниципальное автономное общеобразовательное учреждение \"Лицей № 78 имени А.С.Пушкина\"","Экономика"]
[105,"261009_15943977525_10","Муниципальное бюджетное общеобразовательное учреждение \"Средняя общеобразовательная школа №9\"","м","нет",9,9,56,null,56,100,"Призер","Да","Халимова Лилия Музагитовна","Муниципальное бюджетное общеобразовательное учреждение \"Средняя общеобразовательная школа №9\"","Экономика"]
[106,"261076_16925834711_10","Муниципальное автономное общеобразовательное учреждение города Набережные Челны \"Гимназия №76\"","ж",null,9,9,54,null,54,100,"Призер",null,"Сальникова Елена Леонидовна","Муниципальное автономное общеобразовательное учреждение города Набережные Челны \"Гимназия №76\"","Экономика"]
[107,"261078_17589440221_10","Муниципальное автономное общеобразовательное учреждение \"Лицей № 78 имени А.С.Пушкина\"","м","нет",9,9,54,null,54,100,"Призер","Да","Мухтярова Эльмира Исхаковна","Муниципальное автономное общеобразовательное учреждение \"Лицей № 78 имени А.С.Пушкина\"","Экономика"]
[108,"261026_17212364739_10","Муниципальное бюджетное общеобразовательное учреждение \"Гимназия №26\"","м","нет",9,9,51,null,51,100,"Призер","Да","Черникова Станислава Владимировна","Муниципальное бюджетное общеобразовательное учреждение \"Гимназия №26\"","Экономика"]
[109,"261061_17214384250_10","Муниципальное автономное общеобразовательное учреждение \"Гимназия №61\" г.Набережные Челны","ж","нет",9,9,51,null,51,100,"Призер",null,"Шамина Мария Николаевна","Муниципальное автономное общеобразовательное учреждение \"Гимназия №61\" г.Набережные Челны","Экономика"]
[110,"261057_15902077359_10","Муниципальное бюджетное общеобразовательное учреждение \"Центр образования - Гимназия №57 \"Притяжение\"","ж",null,9,9,51,null,51,100,"Призер",null,"Ибрагимова Лейсан Ханифовна","Муниципальное бюджетное общеобразовательное учреждение \"Центр образования - Гимназия №57 \"Притяжение\""]
[111,"265006_17212365337_10","Муниципальное бюджетное общеобразовательное учреждение \"Многопрофильная школа № 39\"","м",null,9,9,51,null,51,100,"Призер","Да","Шарифуллина Дина Талгатовна","Муниципальное бюджетное общеобразовательное учреждение \"Многопрофильная школа № 39\"","Экономика"]
[112,"261022_16009894270_10","Муниципальное бюджетное общеобразовательное учреждение \"Средняя общеобразовательная школа № 22\" г.Наб.Челны Республики Татарстан","м","нет",9,9,51,null,51,100,"Призер","Да","Поздеева Гузель Фоатовна","Муниципальное бюджетное общеобразовательное учреждение \"Средняя общеобразовательная школа № 22\" г.Наб.Челны Республики Татарстан","Экономика"]
[113,"261016_19977417860_10","Муниципальное бюджетное общеобразовательное учреждение \"Средняя общеобразовательная школа \"Центр образования №16\"","м",null,9,9,46,null,46,100,null,null,"Волков Дмитрий Александрович","Муниципальное бюджетное общеобразовательное учреждение \"Средняя общеобразовательная школа \"Центр образования №16\"","Экономика"]
[114,"263079_15894058614_10","Муниципальное бюджетное общеобразовательное учреждение \"Лицей-интернат №79\" г. Набережные Челны","м",null,9,9,42,null,42,100,null,"Да","Хусаинов Ильдар Ильгизович","Муниципальное бюджетное общеобразовательное учреждение \"Лицей-интернат №79\" г. Набережные Челны","Экономика"]
[115,"261076_17652614788_10","Муниципальное автономное общеобразовательное учреждение города Набережные Челны \"Гимназия №76\"","ж",null,9,9,42,null,42,100,null,"Да","Сальникова Елена Леонидовна","Муниципальное автономное общеобразовательное учреждение города Набережные Челны \"Гимназия №76\"","Экономика"]
[116,"261045_22676639805_10","Муниципальное бюджетное общеобразовательное учреждение \"Средняя общеобразовательная школа №45 с углубленным изучением отдельных предметов\" г.Набережные Челны Республики Татарстан","м","нет",9,9,41,null,41,100,null,null,"Лоскутово Ольга Николаевна","Муниципальное бюджетное общеобразовательное учреждение \"Средняя общеобразовательная школа №45 с углубленным изучением отдельных предметов\" г.Набережные Челны Республики Татарстан","Экономика"]
[117,"261078_17278273903_10","Муниципальное автономное общеобразовательное учреждение \"Лицей № 78 имени А.С.Пушкина\"","м","нет",9,9,39,null,39,100,null,null,"Рустами Марина Вячеславовна","Муниципальное автономное общеобразовательное учреждение \"Лицей № 78 имени А.С.Пушкина\"","Экономика"]
[118,"261028_17157426878_10","Муниципальное бюджетное общеобразовательное учреждение \"Средняя общеобразовательная школа №28\"","ж","нет",9,9,38,null,38,100,null,null,"Сафина Гульназ Ильфаковна","Муниципальное бюджетное общеобразовательное учреждение \"Средняя общеобразовательная школа №28\"","Экономика"]
[119,"265001_17826855321_10","Муниципальное автономное общеобразовательное учреждение «Гимназия 77»","м",null,9,9,37,null,37,100,null,null,"Фаттахова Лилия Сабирзяновна","Муниципальное автономное общеобразовательное учреждение «Гимназия 77»","Экономика"]
[120,"261076_15949191517_10","Муниципальное автономное общеобразовательное учреждение города Набережные Челны \"Гимназия №76\"","м",null,9,9,37,14,51,100,"Призер",null,"Сальникова Елена Леонидовна","Муниципальное автономное общеобразовательное учреждение города Набережные Челны \"Гимназия №76\"","Экономика"]
[121,"261059_17416511558_10","Муниципальное бюджетное образовательное учреждение \"Полилингвальная гимназия №59 \"Адымнар-Чаллы\"","м","нет",9,9,37,null,37,100,null,null,"Кирушина Аида Аликовна","Муниципальное бюджетное образовательное учреждение \"Полилингвальная гимназия №59 \"Адымнар-Чаллы\"","Экономика"]
[122,"261026_15863876625_10","Муниципальное бюджетное общеобразовательное учреждение \"Гимназия №26\"","ж","нет",9,9,36,null,36,100,null,null,"Черникова Станислава Владимировна","Муниципальное бюджетное общеобразовательное учреждение \"Гимназия №26\"","Экономика"]
[123,"261061_17634393493_10","Муниципальное автономное общеобразовательное учреждение \"Гимназия №61\" г.Набережные Челны","м","нет",9,9,36,null,36,100,null,null,"Шамина Мария Николаевна","Муниципальное автономное общеобразовательное учреждение \"Гимназия №61\" г.Набережные Челны","Экономика"]
[124,"261076_15790670904_10","Муниципальное автономное общеобразовательное учреждение города Набережные Челны \"Гимназия №76\"","м",null,9,9,35,null,35,100,null,"Да","Сальникова Елена Леонидовна","Муниципальное автономное общеобразовательное учреждение города Набережные Челны \"Гимназия №76\"","Экономика"]
[125,"263079_17164269273_10","Муниципальное бюджетное общеобразовательное учреждение \"Лицей-интернат №79\" г. Набережные Челны","м",null,9,9,33,null,33,100,null,null,"Хусаинов Ильдар Ильгизович","Муниципальное бюджетное общеобразовательное учреждение \"Лицей-интернат №79\" г. Набережные Челны","Экономика"]
[126,"261032_17635509390_10","Муниципальное бюджетное образовательное учреждение \"Средняя общеобразовательная школа №32 с углубленным изучением отдельных предметов» г. Набережные Челны Республики Татарстан","м","нет",9,9,33,null,33,100,null,null,"Пестерева Марина Арнольдовна","Муниципальное бюджетное образовательное учреждение \"Средняя общеобразовательная школа №32 с углубленным изучением отдельных предметов» г. Набережные Челны Республики Татарстан","Экономика"]
[127,"261025_19516464700_10","Муниципальное бюджетное общеобразовательное учреждение \"Средняя общеобразовательная школа №25\" г. Набережные Челны РТ","ж","нет",9,9,32,null,32,100,null,null,"Мунирова Анжела Николаевна","Муниципальное бюджетное общеобразовательное учреждение \"Средняя общеобразовательная школа №25\" г. Набережные Челны РТ","Экономика"]
[128,"261034_17140114010_10","Муниципальное автономное общеобразовательное учреждение \"Средняя общеобразовательная школа №34 с углубленным изучением отдельных предметов\"","ж","нет",9,9,32,null,32,100,null,null,"Борисов Игорь Федорович","Муниципальное автономное общеобразовательное учреждение \"Средняя общеобразовательная школа №34 с углубленным изучением отдельных предметов\"","Экономика"]
[129,"261006_17745039392_10","Муниципальное бюджетное общеобразовательное учреждение средняя общеобразовательная школа №6","м",null,9,9,30,null,30,100,null,null,"Грязнов Александр Васильевич","Муниципальное бюджетное общеобразовательное учреждение средняя общеобразовательная школа №6","Экономика"]
[130,"261078_16005403912_10","Муниципальное автономное общеобразовательное учреждение \"Лицей № 78 имени А.С.Пушкина\"","м","нет",9,9,30,null,30,100,null,null,"Мухтярова Эльмира Исхаковна","Муниципальное автономное общеобразовательное учреждение \"Лицей № 78 имени А.С.Пушкина\"","Экономика"]
[131,"263054_16417525061_10","Муниципальное бюджетное общеобразовательное учреждение \"Гимназия №54\"","м","нет",9,9,29,null,29,100,null,null,"Махмутова Агуль Мусаяповна","Муниципальное бюджетное общеобразовательное учреждение \"Гимназия №54\"","Экономика"]
[132,"261057_17190477682_10","Муниципальное бюджетное общеобразовательное учреждение \"Центр образования - Гимназия №57 \"Притяжение\"","м",null,9,9,29,null,29,100,null,"Да","Ибрагимова Лейсан Ханифовна","Муниципальное бюджетное общеобразовательное учреждение \"Центр образования - Гимназия №57 \"Притяжение\"","Экономика"]
[133,"261001_17510061126_10","Муниципальное автонономное общеобразовательное учреждение города Набережные челны \"Средняя общеобразовательная школа №1\"","м","нет",9,9,28,null,28,100,null,null,"Альмиева Гульшат Вахитовна","Муниципальное автонономное общеобразовательное учреждение города Набережные челны \"Средняя общеобразовательная школа №1\"","Экономика"]
[134,"261045_17091993698_10","Муниципальное бюджетное общеобразовательное учреждение \"Средняя общеобразовательная школа №45 с углубленным изучением отдельных предметов\" г.Набережные Челны Республики Татарстан","ж","нет",9,9,28,null,28,100,null,null,"Лоскутово Ольга Николаевна","Муниципальное бюджетное общеобразовательное учреждение \"Средняя общеобразовательная школа №45 с углубленным изучением отдельных предметов\" г.Набережные Челны Республики Татарстан","Экономика"]
[135,"261050_17302212313_10","Муниципальное автономное общеобразовательное учреждение города Набережные Челны «Средняя общеобразовательная школа №50 с углубленным изучением отдельных предметов» Республики Татарстан","ж",null,9,9,28,null,28,100,null,null,"Коткова Татьяна Ангамовна","Муниципальное автономное общеобразовательное учреждение города Набережные Челны «Средняя общеобразовательная школа №50 с углубленным изучением отдельных предметов» Республики Татарстан","Экономика"]
[136,"261034_17304491656_10","Муниципальное автономное общеобразовательное учреждение \"Средняя общеобразовательная школа №34 с углубленным изучением отдельных предметов\"","м","нет",9,9,28,null,28,100,null,null,"Вяткина Дарья Игоревна","Муниципальное автономное общеобразовательное учреждение \"Средняя общеобразовательная школа №34 с углубленным изучением отдельных предметов\"","Экономика"]
[137,"261005_17607443984_10","Муниципальное бюджетное общеобразовательное учреждение \"Средняя общеообразовательная школа №5\"","м","нет",9,9,28,null,28,100,null,null,"Лукьянова Виктория Андреевна","Муниципальное бюджетное общеобразовательное учреждение \"Средняя общеообразовательная школа №5\"","Экономика"]
[138,"261057_16987917458_10","Муниципальное бюджетное общеобразовательное учреждение \"Центр образования - Гимназия №57 \"Притяжение\"","м",null,9,9,27,null,27,100,null,null,"Ибрагимова Лейсан Ханифовна","Муниципальное бюджетное общеобразовательное учреждение \"Центр образования - Гимназия №57 \"Притяжение\"","Экономика"]
[139,"261032_17132574452_10","Муниципальное бюджетное образовательное учреждение \"Средняя общеобразовательная школа №32 с углубленным изучением отдельных предметов» г. Набережные Челны Республики Татарстан","м","нет",9,9,27,null,27,100,null,null,"Пестерева Марина Арнольдовна","Муниципальное бюджетное образовательное учреждение \"Средняя общеобразовательная школа №32 с углубленным изучением отдельных предметов» г. Набережные Челны Республики Татарстан","Экономика"]
[140,"261041_17593345708_10","Муниципальное бюджетное общеобразовательное учреждение \"Средняя общеобразовательная школа №41\"","м","нет",9,9,26,null,26,100,null,null,"Зенкова Алина Сергеевна","Муниципальное бюджетное общеобразовательное учреждение \"Средняя общеобразовательная школа №41\"","Экономика"]
[141,"261044_17224129442_10","Муниципальное бюджетное общеобразоаптельное учреждение \"Средняя общеобразовательная школа № 44\"","ж",null,9,9,26,null,26,100,null,null,"Перевозчиков Александр Сергеевич","Муниципальное бюджетное общеобразоаптельное учреждение \"Средняя общеобразовательная школа № 44\"","Экономика"]
[142,"263058_17265351270_10","Муниципальное бюджетное общеобразовательное учреждение \"Средняя общеобразовательная школа №58\"","м","нет",9,9,26,null,26,100,null,null,"Гареева Гульназ Муллануровна","Муниципальное бюджетное общеобразовательное учреждение \"Средняя общеобразовательная школа №58\"","Экономика"]
[143,"261060_15913119259_10","Муниципальное бюджетное общеобразовательное учреждение «Средняя общеобразовательная школа №60»","ж",null,9,9,26,null,26,100,null,null,"Смурякова Елена Евгеньевна","Муниципальное бюджетное общеобразовательное учреждение «Средняя общеобразовательная школа №60»","Экономика"]
[144,"261020_17398787347_10","Муниципальное бюджетное общеобразовательное учреждение \"Средняя общеобразовательная школа № 20\"","м","да",9,9,25,null,25,100,null,null,"Кузьмина Лидия Михайловна","Муниципальное бюджетное общеобразовательное учреждение \"Средняя общеобразовательная школа № 20\"","Экономика"]
[145,"261031_17164270460_10","Муниципальное бюджетное общеобразовательное учреждение \"Средняя общеобразовательная школа №31 с углубленным изучением отдельных предметов\"","ж","нет",9,9,25,null,25,100,null,null,"Аржанцева Светлана Геннадьевна","Муниципальное бюджетное общеобразовательное учреждение \"Средняя общеобразовательная школа №31 с углубленным изучением отдельных предметов\"","Экономика"]
[146,"261033_15971281092_10","муниципальное бюджетное общеобразовательное учреждение \"Средняя общеобразовательная школа №33\"","ж","нет",9,9,25,null,25,100,null,null,"Галиева Светлана Николаевна","муниципальное бюджетное общеобразовательное учреждение \"Средняя общеобразовательная школа №33\"","Экономика"]
[147,"261061_17331441947_10","Муниципальное автономное общеобразовательное учреждение \"Гимназия №61\" г.Набережные Челны","м","нет",9,9,25,null,25,100,null,null,"Шамина Мария Николаевна","Муниципальное автономное общеобразовательное учреждение \"Гимназия №61\" г.Набережные Челны","Экономика"]
[148,"261056_18083919496_10","Муниципальное автономное общеобразовательное учреждение города Набережные Челны «Средняя общеобразовательная школа №56» имени Героя России Сергея Чебнёва","ж",null,9,9,25,null,25,100,null,null,"Фаткуллина Динара Айратовна","Муниципальное автономное общеобразовательное учреждение города Набережные Челны «Средняя общеобразовательная школа №56» имени Героя России Сергея Чебнёва","Экономика"]
[149,"261059_17617808802_10","Муниципальное бюджетное образовательное учреждение \"Полилингвальная гимназия №59 \"Адымнар-Чаллы\"","ж","нет",9,9,23,null,23,100,null,null,"Кирушина Аида Аликовна","Муниципальное бюджетное образовательное учреждение \"Полилингвальная гимназия №59 \"Адымнар-Чаллы\"","Экономика"]
[150,"261051_15987408328_10","Муниципальное автономное общеобразовательное учреждение города Набережные Челны \"Средняя общеобразовательная школа №51\"","м",null,9,9,22,null,22,100,null,null,"Дусадбикова Рафися Нигматяновна","Муниципальное автономное общеобразовательное учреждение города Набережные Челны \"Средняя общеобразовательная школа №51\"","Экономика"]
[151,"261080_15750181259_10","Муниципальное бюджетное общеобразовательное учреждение \"Гимназия №14\"","ж",null,9,9,22,null,22,100,null,null,"Закирова Лиля Наилевна","Муниципальное бюджетное общеобразовательное учреждение \"Гимназия №14\"","Экономика"]
[152,"263079_17609330375_10","Муниципальное бюджетное общеобразовательное учреждение \"Лицей-интернат №79\" г. Набережные Челны","м",null,9,9,21,null,21,100,null,null,"Хусаинов Ильдар Ильгизович","Муниципальное бюджетное общеобразовательное учреждение \"Лицей-интернат №79\" г. Набережные Челны","Экономика"]
[153,"261031_15963342696_10","Муниципальное бюджетное общеобразовательное учреждение \"Средняя общеобразовательная школа №31 с углубленным изучением отдельных предметов\"","ж","нет",9,9,21,null,21,100,null,null,"Аржанцева Светлана Геннадьевна","Муниципальное бюджетное общеобразовательное учреждение \"Средняя общеобразовательная школа №31 с углубленным изучением отдельных предметов\"","Экономика"]
[154,"261036_17331442141_10","Муниципальное автономное общеобразовательное учреждение \"Лицей инновационных технологий №36\" г.Набережные Челны Республики Татарстан","м","нет",9,9,21,null,21,100,null,null,"Валиуллина Чулпан Фаиловна","Муниципальное автономное общеобразовательное учреждение \"Лицей инновационных технологий №36\" г.Набережные Челны Республики Татарстан","Экономика"]
[155,"263018_17276267393_10","Муниципальное общеобразовательное учреждение \"Средняя общеобразовательная школа №18 с углубленным изучением отдельных предметов\"","ж","нет",9,9,20,null,20,100,null,null,"Махмутова Нурия Насимовна","Муниципальное общеобразовательное учреждение \"Средняя общеобразовательная школа №18 с углубленным изучением отдельных предметов\"","Экономика"]
[156,"261055_17278275604_10","Муниципальное автономное общеобразовательное учреждение города Набережные Челны \"Средняя общеобразовательная школа №55\"","м","нет",9,9,19,null,19,100,null,null,"Сибгаева Лилия Харисовна","Муниципальное автономное общеобразовательное учреждение города Набережные Челны \"Средняя общеобразовательная школа №55\"","Экономика"]
[157,"261062_15928608608_10","Муниципальное бюджетное общеобразовательное учреждение «Средняя общеобразовательная школа «Центр образования № 62»","м","нет",9,9,19,null,19,100,null,null,"Шайдуллина Римма Рифхатевна","Муниципальное бюджетное общеобразовательное учреждение «Средняя общеобразовательная школа «Центр образования № 62»","Экономика"]
[158,"261023_18018832265_10","Муниципальное бюджетное общеобразовательное учреждение \"Средняя общеобразовательная школа №23\" г.Набережные Челны Республики Татарстан","м","нет",9,9,19,null,19,100,null,null,"Самарханова Лилия Гумеровна","Муниципальное бюджетное общеобразовательное учреждение \"Средняя общеобразовательная школа №23\" г.Набережные Челны Республики Татарстан","Экономика"]
[159,"261046_17152194151_10","Муниципальное бюджетное общеобразовательное учреждение \"Средняя общеобразовательная школа №46 имени кавалера ордена Мужества Дмитрия Бадретдинова\" г. Набережные Челны","м","нет",9,9,18,null,18,100,null,null,"Ахметшина Айгуль Айратовна","Муниципальное бюджетное общеобразовательное учреждение \"Средняя общеобразовательная школа №46 имени кавалера ордена Мужества Дмитрия Бадретдинова\" г. Набережные Челны","Экономика"]
[160,"261080_16801122031_10","Муниципальное бюджетное общеобразовательное учреждение \"Гимназия №14\"","м",null,9,9,18,null,18,100,null,null,"Закирова Лиля Наилевна","Муниципальное бюджетное общеобразовательное учреждение \"Гимназия №14\"","Экономика"]
[161,"261056_16021139105_10","Муниципальное автономное общеобразовательное учреждение города Набережные Челны «Средняя общеобразовательная школа №56» имени Героя России Сергея Чебнёва","ж",null,9,9,18,null,18,100,null,null,"Фаткуллина Динара Айратовна","Муниципальное автономное общеобразовательное учреждение города Набережные Челны «Средняя общеобразовательная школа №56» имени Героя России Сергея Чебнёва","Экономика"]
[162,"261030_16184883800_10","Муниципальное бюджетное общеобразовательное учреждение \"Средняя общеобразовательная школа №30\"","м","нет",9,9,16,null,16,100,null,null,"Климова Гульназ Айратовна","Муниципальное бюджетное общеобразовательное учреждение \"Средняя общеобразовательная школа №30\"","Экономика"]
[163,"263003_16022587743_10","Муниципальное бюджетное общеобразовательное учреждение \"Средняя общеобразовательная школа №3\"","ж","нет",9,9,16,null,16,100,null,null,"Сатдарова Эльзида Рамзиловна","Муниципальное бюджетное общеобразовательное учреждение \"Средняя общеобразовательная школа №3\"","Экономика"]
[164,"263012_17240405331_10","Муниципальное бюджетное образовательное учреждение \"Средняя общеобразовательная школа № 12\"","м","нет",9,9,16,null,16,100,null,null,"Краснова Лилия Равилевна","Муниципальное бюджетное образовательное учреждение \"Средняя общеобразовательная школа № 12\"","Экономика"]
[165,"263012_17781984437_10","Муниципальное бюджетное образовательное учреждение \"Средняя общеобразовательная школа № 12\"","м","нет",9,9,16,null,16,100,null,null,"Краснова Лилия Равилевна","Муниципальное бюджетное образовательное учреждение \"Средняя общеобразовательная школа № 12\"","Экономика"]
[166,"261037_17189275911_10","Муниципальное бюджетное общеобразовательное учреждение \"Средняя общеобразовательная школа № 37 с углубленным изучением отдельных предметов\" города Набережные Челны Республики Татарстан","м","нет",9,9,15,null,15,100,null,null,"Яровиков Евгений Владимирович","Муниципальное бюджетное общеобразовательное учреждение \"Средняя общеобразовательная школа № 37 с углубленным изучением отдельных предметов\" города Набережные Челны Республики Татарстан","Экономика"]
[167,"261025_17192696300_10","Муниципальное бюджетное общеобразовательное учреждение \"Средняя общеобразовательная школа №25\" г. Набережные Челны РТ","ж","нет",9,9,13,null,13,100,null,null,"Мунирова Анжела Николаевна","Муниципальное бюджетное общеобразовательное учреждение \"Средняя общеобразовательная школа №25\" г. Набережные Челны РТ","Экономика"]
[168,"261051_16038688482_10","Муниципальное автономное общеобразовательное учреждение города Набережные Челны \"Средняя общеобразовательная школа №51\"","м",null,9,9,13,null,13,100,null,null,"Дусадбикова Рафися Нигматяновна","Муниципальное автономное общеобразовательное учреждение города Набережные Челны \"Средняя общеобразовательная школа №51\"","Экономика"]
[169,"263018_17389887148_10","Муниципальное общеобразовательное учреждение \"Средняя общеобразовательная школа №18 с углубленным изучением отдельных предметов\"","м",null,9,9,13,null,13,100,null,null,"Махмутова Нурия Насимовна","Муниципальное общеобразовательное учреждение \"Средняя общеобразовательная школа №18 с углубленным изучением отдельных предметов\"","Экономика"]
[170,"263058_16296901698_10","Муниципальное бюджетное общеобразовательное учреждение \"Средняя общеобразовательная школа №58\"","м","нет",9,9,13,null,13,100,null,null,"Гареева Гульназ Муллануровна","Муниципальное бюджетное общеобразовательное учреждение \"Средняя общеобразовательная школа №58\"","Экономика"]
[171,"263018_18338408588_10","Муниципальное общеобразовательное учреждение \"Средняя общеобразовательная школа №18 с углубленным изучением отдельных предметов\"","ж",null,9,9,12,null,12,100,null,null,"Махмутова Нурия Насимовна","Муниципальное общеобразовательное учреждение \"Средняя общеобразовательная школа №18 с углубленным изучением отдельных предметов\"","Экономика"]
[172,"261033_17648681322_10","муниципальное бюджетное общеобразовательное учреждение \"Средняя общеобразовательная школа №33\"","м","нет",9,9,11,null,11,100,null,null,"Галиева Светлана Николаевна","муниципальное бюджетное общеобразовательное учреждение \"Средняя общеобразовательная школа №33\"","Экономика"]
[173,"261053_15793977238_10","Муниципальноем бюджетное общеобразовательное учреждение «Средняя общеобразовательная школа №53»","м","нет",9,9,10,null,10,100,null,null,"Максимович Нелли Ивановна","Муниципальноем бюджетное общеобразовательное учреждение «Средняя общеобразовательная школа №53»","Экономика"]
[174,"261027_15842598101_10","Муниципальное бюджетное общеобраховатеьное учреждение \"Средняя общеобрзовательная школа №27\"","м",null,9,9,9,null,9,100,null,null,"Бикмухаметова Рузия Фанилевна","Муниципальное бюджетное общеобраховатеьное учреждение \"Средняя общеобрзовательная школа №27\"","Экономика"]
[175,"261044_17615568394_10","Муниципальное бюджетное общеобразоаптельное учреждение \"Средняя общеобразовательная школа № 44\"","ж",null,9,9,9,null,9,100,null,null,"Перевозчиков Александр Сергеевич","Муниципальное бюджетное общеобразоаптельное учреждение \"Средняя общеобразовательная школа № 44\"","Экономика"]
[176,"261056_17730039563_10","Муниципальное автономное общеобразовательное учреждение города Набережные Челны «Средняя общеобразовательная школа №56» имени Героя России Сергея Чебнёва","ж",null,9,9,9,null,9,100,null,null,"Фаткуллина Динара Айратовна","Муниципальное автономное общеобразовательное учреждение города Набережные Челны «Средняя общеобразовательная школа №56» имени Героя России Сергея Чебнёва","Экономика"]
[177,"261013_17588355604_10","Муниципальное бюджетное общеобразовательное учреждение «Средняя общеобразовательная школа № 13»","м","нет",9,9,9,null,9,100,null,null,"Миндиярова Гульнара Фанисовна","Муниципальное бюджетное общеобразовательное учреждение «Средняя общеобразовательная школа № 13»","Экономика"]
[178,"261019_17810922577_10","Муниципальное бюджетное общеобразовательное учреждение «Средняя общеобразовательная школа № 19 с углубленным изучением отдельных предметов»","ж","нет",9,9,8,null,8,100,null,null,"Гараева Чулпан Ринатовна","Муниципальное бюджетное общеобразовательное учреждение «Средняя общеобразовательная школа № 19 с углубленным изучением отдельных предметов»","Экономика"]
[179,"261044_18125926373_10","Муниципальное бюджетное общеобразоаптельное учреждение \"Средняя общеобразовательная школа № 44\"","ж",null,9,9,4,null,4,100,null,null,"Перевозчиков Александр Сергеевич","Муниципальное бюджетное общеобразоаптельное учреждение \"Средняя общеобразовательная школа № 44\"","Экономика"]
[180,"261026_17038294570_10","Муниципальное бюджетное общеобразовательное учреждение \"Гимназия №26\"","м","нет",10,10,91,null,91,100,"Победитель","Да","Черникова Станислава Владимировна","Муниципальное бюджетное общеобразовательное учреждение \"Гимназия №26\"","Экономика"]
[181,"261026_16019320631_10","Муниципальное бюджетное общеобразовательное учреждение \"Гимназия №26\"","м","нет",10,10,88,null,88,100,"Призер","Да","Черникова Станислава Владимировна","Муниципальное бюджетное общеобразовательное учреждение \"Гимназия №26\"","Экономика"]
[182,"261026_16981793032_10","Муниципальное бюджетное общеобразовательное учреждение \"Гимназия №26\"","м","нет",10,10,87,null,87,100,"Призер","Да","Черникова Станислава Владимировна","Муниципальное бюджетное общеобразовательное учреждение \"Гимназия №26\"","Экономика"]
[183,"261026_16004348925_10","Муниципальное бюджетное общеобразовательное учреждение \"Гимназия №26\"","м","нет",10,10,85,null,85,100,"Призер",null,"Черникова Станислава Владимировна","Муниципальное бюджетное общеобразовательное учреждение \"Гимназия №26\"","Экономика"]
[184,"261076_18940553605_10","Муниципальное автономное общеобразовательное учреждение \"Гимназия №76\"","м",null,10,10,77,null,77,100,"Призер","Да","Сальникова Елена Леонидовна","Муниципальное автономное общеобразовательное учреждение города Набережные Челны \"Гимназия №76\"","Экономика"]
[185,"261041_17091998001_10","Муниципальное бюджетное общеобразовательное учреждение \"Средняя общеобразовательная школа №41\"","м","нет",10,10,74,null,74,100,"Призер","Да","Мифтахов Руслан Габидович","Муниципальное бюджетное общеобразовательное учреждение \"Средняя общеобразовательная школа №41\"","Экономика"]
[186,"261049_17166594092_10","Муниципальное автономное образовательное учреждение \"Кадетская школа № 49\"","м","нет",10,10,73,null,73,100,"Призер","Да","Шеломенцев Булат Алексеевич","Муниципальное автономное образовательное учреждение \"Кадетская школа № 49\", г.Набережные Челны","Экономика"]
[187,"261026_17436480686_10","Муниципальное бюджетное общеобразовательное учреждение \"Гимназия №26\"","м","нет",10,10,72,null,72,100,"Призер","Да","Черникова Станислава Владимировна","Муниципальное бюджетное общеобразовательное учреждение \"Гимназия №26\"","Экономика"]
[188,"261026_17842486409_10","Муниципальное бюджетное общеобразовательное учреждение \"Гимназия №26\"","м","нет",10,10,71,null,71,100,"Призер","Да","Черникова Станислава Владимировна","Муниципальное бюджетное общеобразовательное учреждение \"Гимназия №26\"","Экономика"]
[189,"261026_17901871693_10","Муниципальное бюджетное общеобразовательное учреждение \"Гимназия №26\"","ж","нет",10,10,67,null,67,100,"Призер",null,"Черникова Станислава Владимировна","Муниципальное бюджетное общеобразовательное учреждение \"Гимназия №26\"","Экономика"]
[190,"261026_17028920462_11","Муниципальное бюджетное общеобразовательное учреждение \"Гимназия №26\"","м","нет",10,10,67,null,67,100,"Призер","Да","Черникова Станислава Владимировна","Муниципальное бюджетное общеобразовательное учреждение \"Гимназия №26\"","Экономика"]
[191,"261032_17456932404_10","Муниципальное бюджетное образовательное учреждение \"Средняя общеобразовательная школа №32 с углубленным изучением отдельных предметов» ","ж","нет",10,10,66,null,66,100,"Призер",null,"Исхакова Венера Амировна","Муниципальное бюджетное образовательное учреждение \"Средняя общеобразовательная школа №32 с углубленным изучением отдельных предметов» г. Набережные Челны Республики Татарстан","Экономика"]
[192,"265001_17214387963_10","Муниципальное автономное общеобразовательное учреждение «Гимназия 77»","м",null,10,10,62,null,62,100,"Призер",null,"Фаттахова Лилия Сабирзяновна","Муниципальное автономное общеобразовательное учреждение «Гимназия 77»","Экономика"]
[193,"261030_16211225914_10","Муниципальное бюджетное общеобразовательное учреждение \"Средняя общеобразовательная школа №30\"","м","нет",10,10,57,2,59,100,"Призер",null,"Валиахметов Динар Ирекович","Муниципальное бюджетное общеобразовательное учреждение \"Средняя общеобразовательная школа №30\"","Экономика"]
[194,"261076_16264002232_10","Муниципальное автономное общеобразовательное учреждение города Набережные Челны \"Гимназия №76\"","ж",null,10,10,57,null,57,100,"Призер","Да","Сальникова Елена Леонидовна","Муниципальное автономное общеобразовательное учреждение города Набережные Челны \"Гимназия №76\"","Экономика"]
[195,"263079_15722668784_10","Муниципальное бюджетное общеобразовательное учреждение \"Лицей-интернат №79\" г. Набережные Челны","м",null,10,10,56,null,56,100,"Призер",null,"Хусаинов Ильдар Ильгизович","Муниципальное бюджетное общеобразовательное учреждение \"Лицей-интернат №79\" г. Набережные Челны","Экономика"]
[196,"261026_19335765201_10","Муниципальное бюджетное общеобразовательное учреждение \"Гимназия №26\"","ж","нет",10,10,56,null,56,100,"Призер",null,"Черникова Станислава Владимировна","Муниципальное бюджетное общеобразовательное учреждение \"Гимназия №26\"","Экономика"]
[197,"261035_17231185847_10","Муниципальное автономное общеобразовательное учреждение \"Средняя общеобразовтельная школа №35 с углубленным изучением отдельных предметов\" г. Набережные Челны Республики Татарстан","ж","нет",10,10,56,null,56,100,"Призер",null,"Гиматдинов Руслан Рафисович","Муниципальное автономное общеобразовательное учреждение \"Средняя общеобразовтельная школа №35 с углубленным изучением отдельных предметов\" г. Набережные Челны Республики Татарстан","Экономика"]
[198,"263079_16931868815_10","Муниципальное бюджетное общеобразовательное учреждение \"Лицей-интернат №79\" г. Набережные Челны","м",null,10,10,55,null,55,100,"Призер","Да","Хусаинов Ильдар Ильгизович","Муниципальное бюджетное общеобразовательное учреждение \"Лицей-интернат №79\" г. Набережные Челны","Экономика"]
[199,"261041_17124486762_10","Муниципальное бюджетное общеобразовательное учреждение \"Средняя общеобразовательная школа №41\"","ж","нет",10,10,53,null,53,100,"Призер",null,"Зайнетдинова Эльмира Гаптрашитовна","Муниципальное бюджетное общеобразовательное учреждение \"Средняя общеобразовательная школа №41\"","Экономика"]
[200,"261035_17380726382_10","Муниципальное автономное общеобразовательное учреждение \"Средняя общеобразовтельная школа №35 с углубленным изучением отдельных предметов\" г. Набережные Челны Республики Татарстан","м","нет",10,10,53,null,53,100,"Призер",null,"Гиматдинов Руслан Рафисович","Муниципальное автономное общеобразовательное учреждение \"Средняя общеобразовтельная школа №35 с углубленным изучением отдельных предметов\" г. Набережные Челны Республики Татарстан","Экономика"]
[201,"261060_17127341953_10","Муниципальное бюджетное общеобразовательное учреждение «Средняя общеобразовательная школа №60»","ж",null,10,10,52,null,52,100,"Призер",null,"Гиматдинов Руслан Рафисович","Муниципальное бюджетное общеобразовательное учреждение «Средняя общеобразовательная школа №60»","Экономика"]
[202,"261035_16466436087_10","Муниципальное автономное общеобразовательное учреждение \"Средняя общеобразовтельная школа №35 с углубленным изучением отдельных предметов\" г. Набережные Челны Республики Татарстан","м",null,10,10,51,null,51,100,"Призер",null,"Гиматдинов Руслан Рафисович","Муниципальное автономное общеобразовательное учреждение \"Средняя общеобразовтельная школа №35 с углубленным изучением отдельных предметов\" г. Набережные Челны Республики Татарстан","Экономика"]
[203,"263003_17260126036_10","Муниципальное бюджетное общеобразовательное учреждение \"Средняя общеобразовательная школа №3\"","ж","нет",10,10,51,null,51,100,"Призер",null,"Портнова Алсу Мониповна","Муниципальное бюджетное общеобразовательное учреждение \"Средняя общеобразовательная школа №3\"","Экономика"]
[204,"263084_17284687512_10","Муниципальное автономное общеобразовательное учреждение города Набережные Челны \"Лицей-интернат №84 имени Гали Акыша\" Республики Татарстан","м","нет",10,10,49,null,49,100,null,null,"Чеботарева Альбина Мясумовна","Муниципальное автономное общеобразовательное учреждение города Набережные Челны \"Лицей-интернат №84 имени Гали Акыша\" Республики Татарстан","Экономика"]
[205,"263002_15744380481_10","Муниципальное бюджетное общеобразовательное учреждение \"Гимназия №2 имени Мулланура Вахитова\" города Набережные Челны","ж","нет",10,10,47,null,47,100,null,null,"Хамидуллина Ландыш Рамилевна","Муниципальное бюджетное общеобразовательное учреждение \"Гимназия №2 имени Мулланура Вахитова\" города Набережные Челны","Экономика"]
[206,"263012_17129986302_10","Муниципальное бюджетное образовательное учреждение \"Средняя общеобразовательная школа № 12\"","м","нет",10,10,44,null,44,100,null,null,"Краснова Лилия Равилевна","Муниципальное бюджетное образовательное учреждение \"Средняя общеобразовательная школа № 12\"","Экономика"]
[207,"261082_19338926315_10","Государственное бюджетное общеобразовательное учреждение \"Кадетская школа №82 имени Героя Советского Союза Ильдара Маннанова\" г. Набережные Челны Республики Татарстан","м",null,10,10,44,null,44,100,null,"Да","Мусин Айрат Салихзянович","Государственное бюджетное общеобразовательное учреждение \"Кадетская школа №82 имени Героя Советского Союза Ильдара Маннанова\" г. Набережные Челны Республики Татарстан","Экономика"]
[208,"261057_17350873983_10","Муниципальное бюджетное общеобразовательное учреждение \"Центр образования - Гимназия №57 \"Притяжение\"","ж",null,10,10,43,null,43,100,null,null,"Киямова Галия Фанисовна","Муниципальное бюджетное общеобразовательное учреждение \"Центр образования - Гимназия №57 \"Притяжение\"","Экономика"]
[209,"263002_16518095175_10","Муниципальное бюджетное общеобразовательное учреждение \"Гимназия №2 имени Мулланура Вахитова\" города Набережные Челны","м","нет",10,10,43,null,43,100,null,null,"Хамидуллина Ландыш Рамилевна","Муниципальное бюджетное общеобразовательное учреждение \"Гимназия №2 имени Мулланура Вахитова\" города Набережные Челны","Экономика"]
[210,"263084_15866128197_10","Муниципальное автономное общеобразовательное учреждение города Набережные Челны \"Лицей-интернат №84 имени Гали Акыша\" Республики Татарстан","ж","нет",10,10,42,null,42,100,null,null,"Чеботарева Альбина Мясумовна","Муниципальное автономное общеобразовательное учреждение города Набережные Челны \"Лицей-интернат №84 имени Гали Акыша\" Республики Татарстан","Экономика"]
[211,"261020_16310951339_10","Муниципальное бюджетное общеобразовательное учреждение \"Средняя общеобразовательная школа № 20\"","м","нет",10,10,40,null,40,100,null,null,"Кузьмина Лидия Михайловна","Муниципальное бюджетное общеобразовательное учреждение \"Средняя общеобразовательная школа № 20\"","Экономика"]
[212,"261035_15893407406_10","Муниципальное автономное общеобразовательное учреждение \"Средняя общеобразовтельная школа №35 с углубленным изучением отдельных предметов\" г. Набережные Челны Республики Татарстан","м","нет",10,10,40,null,40,100,null,null,"Гиматдинов Руслан Рафисович","Муниципальное автономное общеобразовательное учреждение \"Средняя общеобразовтельная школа №35 с углубленным изучением отдельных предметов\" г. Набережные Челны Республики Татарстан","Экономика"]
[213,"261060_17127329155_10","Муниципальное бюджетное общеобразовательное учреждение «Средняя общеобразовательная школа №60»","ж",null,10,10,39,null,39,100,null,null,"Гиматдинов Руслан Рафисович","Муниципальное бюджетное общеобразовательное учреждение «Средняя общеобразовательная школа №60»","Экономика"]
[214,"261051_17355126466_10","Муниципальное автономное общеобразовательное учреждение города Набережные Челны \"Средняя общеобразовательная школа №51\"","м",null,10,10,37,null,37,100,null,null,"Дусадбикова Рафися Нигматяновна","Муниципальное автономное общеобразовательное учреждение города Набережные Челны \"Средняя общеобразовательная школа №51\"","Экономика"]
[215,"261078_17173546072_10","Муниципальное автономное общеобразовательное учреждение \"Лицей № 78 имени А.С.Пушкина\"","ж","нет",10,10,37,null,37,100,null,null,"Мухтярова Эльмира Исхаковна","Муниципальное автономное общеобразовательное учреждение \"Лицей № 78 имени А.С.Пушкина\"","Экономика"]
[216,"265001_17192698506_10","Муниципальное автономное общеобразовательное учреждение «Гимназия 77»","м",null,10,10,36,null,36,100,null,null,"Фаттахова Лилия Сабирзяновна","Муниципальное автономное общеобразовательное учреждение «Гимназия 77»","Экономика"]
[217,"265001_17581480395_10","Муниципальное автономное общеобразовательное учреждение «Гимназия 77»","ж",null,10,10,36,null,36,100,null,null,"Фаттахова Лилия Сабирзяновна","Муниципальное автономное общеобразовательное учреждение «Гимназия 77»","Экономика"]
[218,"261060_15801173444_10","Муниципальное бюджетное общеобразовательное учреждение «Средняя общеобразовательная школа №60»","м",null,10,10,35,null,35,100,null,null,"Гиматдинов Руслан Рафисович","Муниципальное бюджетное общеобразовательное учреждение «Средняя общеобразовательная школа №60»","Экономика"]
[219,"263004_17214381648_10","Муниципальное автономное общеобразовательное учреждение города Набережные Челны «Средняя общеобразовательная школа №4»","м","нет",10,10,34,null,34,100,null,null,"Рашитова Фарида Бахтиеровна","Муниципальное автономное общеобразовательное учреждение города Набережные Челны «Средняя общеобразовательная школа №4»","Экономика"]
[220,"263058_16931871703_10","Муниципальное бюджетное общеобразовательное учреждение \"Средняя общеобразовательная школа №58\"","ж","нет",10,10,34,null,34,100,null,null,"Гареева Гульназ Муллануровна","Муниципальное бюджетное общеобразовательное учреждение \"Средняя общеобразовательная школа №58\"","Экономика"]
[221,"261062_17173547074_10","Муниципальное бюджетное общеобразовательное учреждение «Средняя общеобразовательная школа «Центр образования № 62»","м","нет",10,10,34,null,34,100,null,null,"Тетерина Татьяна Ивановна","Муниципальное бюджетное общеобразовательное учреждение «Средняя общеобразовательная школа «Центр образования № 62»","Экономика"]
[222,"261057_17107443040_10","Муниципальное бюджетное общеобразовательное учреждение \"Центр образования - Гимназия №57 \"Притяжение\"","м",null,10,10,33,null,33,100,null,"Да","Киямова Галия Фанисовна","Муниципальное бюджетное общеобразовательное учреждение \"Центр образования - Гимназия №57 \"Притяжение\"","Экономика"]
[223,"265001_16854736414_10","Муниципальное автономное общеобразовательное учреждение «Гимназия 77»","м",null,10,10,32,null,32,100,null,"Да","Фаттахова Лилия Сабирзяновна","Муниципальное автономное общеобразовательное учреждение «Гимназия 77»","Экономика"]
[224,"261023_15970066386_10","Муниципальное бюджетное общеобразовательное учреждение \"Средняя общеобразовательная школа №23\" г.Набережные Челны Республики Татарстан","м","нет",10,10,32,null,32,100,null,null,"Самарханова Лилия Гумеровна","Муниципальное бюджетное общеобразовательное учреждение \"Средняя общеобразовательная школа №23\" г.Набережные Челны Республики Татарстан","Экономика"]
[225,"261037_17889703955_10","Муниципальное бюджетное общеобразовательное учреждение \"Средняя общеобразовательная школа № 37 с углубленным изучением отдельных предметов\" города Набережные Челны Республики Татарстан","м","нет",10,10,32,null,32,100,null,null,"Яровиков Евгений Владимирович","Муниципальное бюджетное общеобразовательное учреждение \"Средняя общеобразовательная школа № 37 с углубленным изучением отдельных предметов\" города Набережные Челны Республики Татарстан","Экономика"]
[226,"261008_16171107432_10","Муниципальное бюджетное общеобразовательное учреждение «Средняя общеобразовательная школа № 8»","м","нет",10,10,31,null,31,100,null,null,"Сафин Данил Ильдарович","Муниципальное бюджетное общеобразовательное учреждение «Средняя общеобразовательная школа № 8»","Экономика"]
[227,"261051_17196787626_10","Муниципальное автономное общеобразовательное учреждение города Набережные Челны \"Средняя общеобразовательная школа №51\"","м",null,10,10,30,null,30,100,null,null,"Дусадбикова Рафися Нигматяновна","Муниципальное автономное общеобразовательное учреждение города Набережные Челны \"Средняя общеобразовательная школа №51\"","Экономика"]
[228,"261026_16236500139_10","Муниципальное бюджетное общеобразовательное учреждение \"Гимназия №26\"","ж","нет",10,10,30,null,30,100,null,null,"Черникова Станислава Владимировна","Муниципальное бюджетное общеобразовательное учреждение \"Гимназия №26\"","Экономика"]
[229,"261060_17628789532_10","Муниципальное бюджетное общеобразовательное учреждение «Средняя общеобразовательная школа №60»","ж",null,10,10,30,null,30,100,null,null,"Гиматдинов Руслан Рафисович","Муниципальное бюджетное общеобразовательное учреждение «Средняя общеобразовательная школа №60»","Экономика"]
[230,"261061_17279637415_10","Муниципальное автономное общеобразовательное учреждение \"Гимназия №61\" г.Набережные Челны","м","нет",10,10,29,null,29,100,null,null,"Шамина Мария Николаевна","Муниципальное автономное общеобразовательное учреждение \"Гимназия №61\" г.Набережные Челны","Экономика"]
[231,"261013_17286266397_10","Муниципальное бюджетное общеобразовательное учреждение «Средняя общеобразовательная школа № 13»","м","нет",10,10,29,null,29,100,null,null,"Миндиярова Гульнара Фанисовна","Муниципальное бюджетное общеобразовательное учреждение «Средняя общеобразовательная школа № 13»","Экономика"]
[232,"261080_16763820397_10","Муниципальное бюджетное общеобразовательное учреждение \"Гимназия №14\"","м",null,10,10,28,null,28,100,null,null,"Закирова Лиля Наилевна","Муниципальное бюджетное общеобразовательное учреждение \"Гимназия №14\"","Экономика"]
[233,"261060_16219035141_10","Муниципальное бюджетное общеобразовательное учреждение «Средняя общеобразовательная школа №60»","м",null,10,10,28,null,28,100,null,null,"Гиматдинов Руслан Рафисович","Муниципальное бюджетное общеобразовательное учреждение «Средняя общеобразовательная школа №60»","Экономика"]
[234,"261020_17127328456_10","Муниципальное бюджетное общеобразовательное учреждение \"Средняя общеобразовательная школа № 20\"","м","нет",10,10,25,null,25,100,null,null,"Кузьмина Лидия Михайловна","Муниципальное бюджетное общеобразовательное учреждение \"Средняя общеобразовательная школа № 20\"","Экономика"]
[235,"261033_20206628815_10","муниципальное бюджетное общеобразовательное учреждение \"Средняя общеобразовательная школа №33\"","ж","нет",10,10,25,null,25,100,null,null,"Галиева Светлана Николаевна","муниципальное бюджетное общеобразовательное учреждение \"Средняя общеобразовательная школа №33\"","Экономика"]
[236,"263012_17234114839_10","Муниципальное бюджетное образовательное учреждение \"Средняя общеобразовательная школа № 12\"","м","нет",10,10,25,null,25,100,null,null,"Краснова Лилия Равилевна","Муниципальное бюджетное образовательное учреждение \"Средняя общеобразовательная школа № 12\"","Экономика"]
[237,"261035_17445693704_10","Муниципальное автономное общеобразовательное учреждение \"Средняя общеобразовтельная школа №35 с углубленным изучением отдельных предметов\" г. Набережные Челны Республики Татарстан","м","нет",10,10,25,null,25,100,null,null,"Гиматдинов Руслан Рафисович","Муниципальное автономное общеобразовательное учреждение \"Средняя общеобразовтельная школа №35 с углубленным изучением отдельных предметов\" г. Набережные Челны Республики Татарстан","Экономика"]
[238,"261033_17091996199_10","муниципальное бюджетное общеобразовательное учреждение \"Средняя общеобразовательная школа №33\"","м","нет",10,10,23,null,23,100,null,null,"Галиева Светлана Николаевна","муниципальное бюджетное общеобразовательное учреждение \"Средняя общеобразовательная школа №33\"","Экономика"]
[239,"263052_17295482707_10","Муниципальное бюджетное общеобразовательное учреждение \"Средняя общеобразовательная школа №52\"","ж","нет",10,10,22,null,22,100,null,null,"Юнусов Марат Марсельевич","Муниципальное бюджетное общеобразовательное учреждение \"Средняя общеобразовательная школа №52\"","Экономика"]
[240,"261026_16394670197_10","Муниципальное бюджетное общеобразовательное учреждение \"Гимназия №26\"","ж","нет",10,10,22,null,22,100,null,null,"Черникова Станислава Владимировна","Муниципальное бюджетное общеобразовательное учреждение \"Гимназия №26\"","Экономика"]
[241,"261060_15910231339_10","Муниципальное бюджетное общеобразовательное учреждение «Средняя общеобразовательная школа №60»","м",null,10,10,22,null,22,100,null,null,"Гиматдинов Руслан Рафисович","Муниципальное бюджетное общеобразовательное учреждение «Средняя общеобразовательная школа №60»","Экономика"]
[242,"261035_17361646074_10","Муниципальное автономное общеобразовательное учреждение \"Средняя общеобразовтельная школа №35 с углубленным изучением отдельных предметов\" г. Набережные Челны Республики Татарстан","м","нет",10,10,21,null,21,100,null,null,"Гиматдинов Руслан Рафисович","Муниципальное автономное общеобразовательное учреждение \"Средняя общеобразовтельная школа №35 с углубленным изучением отдельных предметов\" г. Набережные Челны Республики Татарстан","Экономика"]
[243,"261025_17262956592_10","Муниципальное бюджетное общеобразовательное учреждение \"Средняя общеобразовательная школа №25\" г. Набережные Челны РТ","ж","нет",10,10,20,null,20,100,null,null,"Мунирова Анжела Николаевна","Муниципальное бюджетное общеобразовательное учреждение \"Средняя общеобразовательная школа №25\" г. Набережные Челны РТ","Экономика"]
[244,"261021_18358435401_10","Муниципальное автономное общеобразовательное учреждение \"Средняя общеобразовательная школа № 21\" г.Набережные Челны","м",null,10,10,20,null,20,100,null,null,"Валиуллина Елена Владимировна","Муниципальное автономное общеобразовательное учреждение \"Средняя общеобразовательная школа № 21\" г.Набережные Челны","Экономика"]
[245,"261040_17678325520_10","Муниципальное автономное общеобразовательное учреждение города Набережные Челны «Средняя общеобразовательная школа №40 с углубленным изучением отдельных предметов»","ж","нет",10,10,19,null,19,100,null,null,"Григорьева Виктория Анатольевна","Муниципальное автономное общеобразовательное учреждение города Набережные Челны «Средняя общеобразовательная школа №40 с углубленным изучением отдельных предметов»","Экономика"]
[246,"261045_15929550911_10","Муниципальное бюджетное общеобразовательное учреждение \"Средняя общеобразовательная школа №45 с углубленным изучением отдельных предметов\" г.Набережные Челны Республики Татарстан","ж","нет",10,10,19,null,19,100,null,null,"Лоскутово Ольга Николаевна","Муниципальное бюджетное общеобразовательное учреждение \"Средняя общеобразовательная школа №45 с углубленным изучением отдельных предметов\" г.Набережные Челны Республики Татарстан","Экономика"]
[247,"265003_17132574856_10","Муниципальное бюджетное общеобразовательное учреждение \"Профильный лицей № 42\"","м","нет",10,10,19,null,19,100,null,null,"Минченкова Евгения Вячеславовна","Муниципальное бюджетное общеобразовательное учреждение \"Профильный лицей № 42\"","Экономика"]
[248,"261021_18926830522_10","Муниципальное автономное общеобразовательное учреждение \"Средняя общеобразовательная школа № 21\" г.Набережные Челны","м",null,10,10,19,null,19,100,null,null,"Валиуллина Елена Владимировна","Муниципальное автономное общеобразовательное учреждение \"Средняя общеобразовательная школа № 21\" г.Набережные Челны","Экономика"]
[249,"261080_17260126642_10","Муниципальное бюджетное общеобразовательное учреждение \"Гимназия №14\"","м",null,10,10,19,null,19,100,null,null,"Ишманов Ильдар Радикович","Муниципальное бюджетное общеобразовательное учреждение \"Гимназия №14\"","Экономика"]
[250,"261030_18007414539_10","Муниципальное бюджетное общеобразовательное учреждение \"Средняя общеобразовательная школа №30\"","ж","нет",10,10,18,null,18,100,null,null,"Валиахметов Динар Ирекович","Муниципальное бюджетное общеобразовательное учреждение \"Средняя общеобразовательная школа №30\"","Экономика"]
[251,"261046_15985619129_10","Муниципальное бюджетное общеобразовательное учреждение \"Средняя общеобразовательная школа №46 имени кавалера ордена Мужества Дмитрия Бадретдинова\" г. Набережные Челны","м","нет",10,10,18,null,18,100,null,null,"Ахметшина Айгуль Айратовна","Муниципальное бюджетное общеобразовательное учреждение \"Средняя общеобразовательная школа №46 имени кавалера ордена Мужества Дмитрия Бадретдинова\" г. Набережные Челны","Экономика"]
[252,"261040_15736561186_10","Муниципальное автономное общеобразовательное учреждение города Набережные Челны «Средняя общеобразовательная школа №40 с углубленным изучением отдельных предметов»","ж","нет",10,10,13,null,13,100,null,null,"Григорьева Виктория Анатольевна","Муниципальное автономное общеобразовательное учреждение города Набережные Челны «Средняя общеобразовательная школа №40 с углубленным изучением отдельных предметов»","Экономика"]
[253,"261034_17582497316_10","Муниципальное автономное общеобразовательное учреждение \"Средняя общеобразовательная школа №34 с углубленным изучением отдельных предметов\"","м","нет",10,10,13,null,13,100,null,null,"Минигалеева Юлия Рифхатовна","Муниципальное автономное общеобразовательное учреждение \"Средняя общеобразовательная школа №34 с углубленным изучением отдельных предметов\"","Экономика"]
[254,"261034_15900517553_10","Муниципальное автономное общеобразовательное учреждение \"Средняя общеобразовательная школа №34 с углубленным изучением отдельных предметов\"","ж","нет",10,10,13,null,13,100,null,null,"Минигалеева Юлия Рифхатовна","Муниципальное автономное общеобразовательное учреждение \"Средняя общеобразовательная школа №34 с углубленным изучением отдельных предметов\"","Экономика"]
[255,"261048_17508823588_10","Муниципальное автономное общеобразовательное учреждение \"Средняя общеобразовательная школа№48\"","ж","нет",10,10,13,null,13,100,null,null,"Мухаметзянова Рамия Магсумовна","Муниципальное автономное общеобразовательное учреждение \"Средняя общеобразовательная школа№48\"","Экономика"]
[256,"261007_19010671740_10","Муниципальное бюджетное общеобразовательное учреждение \"Средняя общеобразовательная школа №7\" города Набережные Челны Республики Татарстан","м",null,10,10,11,null,11,100,null,null,"Спиридонова Регина Азатовна","Муниципальное бюджетное общеобразовательное учреждение \"Средняя общеобразовательная школа №7\" города Набережные Челны Республики Татарстан","Экономика"]
[257,"261027_17294982823_10","Муниципальное бюджетное общеобраховатеьное учреждение \"Средняя общеобрзовательная школа №27\"","м",null,10,10,10,null,10,100,null,null,"Бикмухаметова Рузия Фанилевна","Муниципальное бюджетное общеобраховатеьное учреждение \"Средняя общеобрзовательная школа №27\"","Экономика"]
[258,"263018_17324125744_10","Муниципальное общеобразовательное учреждение \"Средняя общеобразовательная школа №18 с углубленным изучением отдельных предметов\"","ж",null,10,10,10,null,10,100,null,null,"Магдиева Альмира Марселовна","Муниципальное общеобразовательное учреждение \"Средняя общеобразовательная школа №18 с углубленным изучением отдельных предметов\"","Экономика"]
[259,"261060_15651003940_10","Муниципальное бюджетное общеобразовательное учреждение «Средняя общеобразовательная школа №60»","ж",null,10,10,10,null,10,100,null,null,"Гиматдинов Руслан Рафисович","Муниципальное бюджетное общеобразовательное учреждение «Средняя общеобразовательная школа №60»","Экономика"]
[260,"261006_20252082908_10","Муниципальное бюджетное общеобразовательное учреждение Средняя общеобразовательная школа №6 г.Набережные Челны","ж",null,10,10,10,null,10,100,null,null,"Воронина Галина Сергеевна","Муниципальное бюджетное общеобразовательное учреждение Средняя общеобразовательная школа №6 г.Набережные Челны","Экономика"]
[261,"261028_15813078668_10","Муниципальное бюджетное общеобразовательное учреждение \"Средняя общеобразовательная школа №28\"","ж","нет",10,10,9,null,9,100,null,null,"Шарафутдинов Региль Фандусович","Муниципальное бюджетное общеобразовательное учреждение \"Средняя общеобразовательная школа №28\"","Экономика"]
[262,"261044_17342712862_10","Муниципальное бюджетное общеобразоаптельное учреждение \"Средняя общеобразовательная школа № 44\"","ж",null,10,10,9,null,9,100,null,null,"Перевозчиков Александр Сергеевич","Муниципальное бюджетное общеобразоаптельное учреждение \"Средняя общеобразовательная школа № 44\"","Экономика"]
[263,"261055_19268332196_10","Муниципальное автономное общеобразовательное учреждение города Набережные Челны \"Средняя общеобразовательная школа №55\"","ж","нет",10,10,9,null,9,100,null,null,"Бункевич Алексей Анатольевич","Муниципальное автономное общеобразовательное учреждение города Набережные Челны \"Средняя общеобразовательная школа №55\"","Экономика"]
[264,"261055_16878821033_10","Муниципальное автономное общеобразовательное учреждение города Набережные Челны \"Средняя общеобразовательная школа №55\"","ж","нет",10,10,9,null,9,100,null,null,"Бункевич Алексей Анатольевич","Муниципальное автономное общеобразовательное учреждение города Набережные Челны \"Средняя общеобразовательная школа №55\"","Экономика"]
[265,"261036_15784060184_10","Муниципальное автономное общеобразовательное учреждение \"Лицей инновационных технологий №36\" г.Набережные Челны Республики Татарстан","м","нет",10,10,9,null,9,100,null,null,"Валиуллина Чулпан Фаиловна","Муниципальное автономное общеобразовательное учреждение \"Лицей инновационных технологий №36\" г.Набережные Челны Республики Татарстан","Экономика"]
[266,"261032_17904136981_10","Муниципальное бюджетное образовательное учреждение \"Средняя общеобразовательная школа №32 с углубленным изучением отдельных предметов» г. Набережные Челны Республики Татарстан","ж","нет",10,10,7,null,7,100,null,null,"Исхакова Венера Амировна","Муниципальное бюджетное образовательное учреждение \"Средняя общеобразовательная школа №32 с углубленным изучением отдельных предметов» г. Набережные Челны Республики Татарстан","Экономика"]
[267,"261044_17826370600_10","Муниципальное бюджетное общеобразоаптельное учреждение \"Средняя общеобразовательная школа № 44\"","ж",null,10,10,5,null,5,100,null,null,"Перевозчиков Александр Сергеевич","Муниципальное бюджетное общеобразоаптельное учреждение \"Средняя общеобразовательная школа № 44\"","Экономика"]
[268,"261008_17340797482_10","Муниципальное бюджетное общеобразовательное учреждение «Средняя общеобразовательная школа № 8»","м","нет",10,10,5,null,5,100,null,null,"Сафин Данил Ильдарович","Муниципальное бюджетное общеобразовательное учреждение «Средняя общеобразовательная школа № 8»","Экономика"]
[269,"261026_16232949064_10","Муниципальное бюджетное общеобразовательное учреждение \"Гимназия №26\"","м","нет",11,11,97,null,97,100,"Победитель","Да","Черникова Станислава Владимировна","Муниципальное бюджетное общеобразовательное учреждение \"Гимназия №26\"","Экономика"]
[270,"261026_18688580853_10","Муниципальное бюджетное общеобразовательное учреждение \"Гимназия №26\"","ж","нет",11,11,94,null,94,100,"Призер","Да","Черникова Станислава Владимировна","Муниципальное бюджетное общеобразовательное учреждение \"Гимназия №26\"","Экономика"]
[271,"261057_15855076193_10","Муниципальное бюджетное общеобразовательное учреждение \"Центр образования - Гимназия №57 \"Притяжение\"","м",null,11,11,94,null,94,100,"Призер","Да","Киямова Галия Фанисовна","Муниципальное бюджетное общеобразовательное учреждение \"Центр образования - Гимназия №57 \"Притяжение\"","Экономика"]
[272,"261026_16284250970_10","Муниципальное бюджетное общеобразовательное учреждение \"Гимназия №26\"","м","нет",11,11,92,null,92,100,"Призер","Да","Черникова Станислава Владимировна","Муниципальное бюджетное общеобразовательное учреждение \"Гимназия №26\"","Экономика"]
[273,"261026_16078604474_10","Муниципальное бюджетное общеобразовательное учреждение \"Гимназия №26\"","ж","нет",11,11,89,null,89,100,"Призер","Да","Черникова Станислава Владимировна","Муниципальное бюджетное общеобразовательное учреждение \"Гимназия №26\"","Экономика"]
[274,"265001_18131992978_10","Муниципальное автономное общеобразовательное учреждение «Гимназия 77»","ж",null,11,11,86,null,86,100,"Призер","Да","Фаттахова Лилия Сабирзяновна","Муниципальное автономное общеобразовательное учреждение «Гимназия 77»","Экономика"]
[275,"261026_16308926172_10","Муниципальное бюджетное общеобразовательное учреждение \"Гимназия №26\"","м","нет",11,11,86,null,86,100,"Призер","Да","Черникова Станислава Владимировна","Муниципальное бюджетное общеобразовательное учреждение \"Гимназия №26\"","Экономика"]
[276,"261078_16486605702_10","Муниципальное автономное общеобразовательное учреждение \"Лицей № 78 имени А.С.Пушкина\"","м","нет",11,11,84,null,84,100,"Призер","Да","Мухтярова Эльмира Исхаковна","Муниципальное автономное общеобразовательное учреждение \"Лицей № 78 имени А.С.Пушкина\"","Экономика"]
[277,"261041_15960584200_10","Муниципальное бюджетное общеобразовательное учреждение \"Средняя общеобразовательная школа №41\"","м","нет",11,11,78,null,78,100,"Призер",null,"Зайнетдинова Эльмира Гаптрашитовна","Муниципальное бюджетное общеобразовательное учреждение \"Средняя общеобразовательная школа №41\"","Экономика"]
[278,"263079_16312833747_10","Муниципальное бюджетное общеобразовательное учреждение \"Лицей-интернат №79\"","м",null,11,11,77,null,77,100,"Призер","Да","Хусаинов Ильдар Ильгизович","Муниципальное бюджетное общеобразовательное учреждение \"Лицей-интернат №79\" г. Набережные Челны","Экономика"]
[279,"261060_16243489067_10","Муниципальное бюджетное общеобразовательное учреждение «Средняя общеобразовательная школа №60»","м",null,11,11,76,null,76,100,"Призер",null,"Шевченко Оксана Михайловна","Муниципальное бюджетное общеобразовательное учреждение «Средняя общеобразовательная школа №60»","Экономика"]
[280,"261057_16940189493_10","Муниципальное бюджетное общеобразовательное учреждение \"Центр образования - Гимназия №57 \"Притяжение\"","м",null,11,11,75,null,75,100,"Призер",null,"Киямова Галия Фанисовна","Муниципальное бюджетное общеобразовательное учреждение \"Центр образования - Гимназия №57 \"Притяжение\"","Экономика"]
[281,"261035_16452906476_10","Муниципальное автономное общеобразовательное учреждение \"Средняя общеобразовтельная школа №35 с углубленным изучением отдельных предметов\" ","ж","нет",11,11,70,null,70,100,"Призер","Да","Альменеев Александр Геннадьевич","Муниципальное автономное общеобразовательное учреждение \"Средняя общеобразовтельная школа №35 с углубленным изучением отдельных предметов\" г. Набережные Челны Республики Татарстан","Экономика"]
[282,"261035_15954238195_10","Муниципальное автономное общеобразовательное учреждение \"Средняя общеобразовтельная школа №35 с углубленным изучением отдельных предметов\" ","м","нет",11,11,68,null,68,100,"Призер",null,"Гиматдинов Руслан Рафисович","Муниципальное автономное общеобразовательное учреждение \"Средняя общеобразовтельная школа №35 с углубленным изучением отдельных предметов\" г. Набережные Челны Республики Татарстан","Экономика"]
[283,"261076_16325407044_10","Муниципальное автономное общеобразовательное учреждение \"Гимназия №76\"","м",null,11,11,64,null,64,100,"Призер",null,"Сальникова Елена Леонидовна","Муниципальное автономное общеобразовательное учреждение города Набережные Челны \"Гимназия №76\"","Экономика"]
[284,"261078_15949272719_10","Муниципальное автономное общеобразовательное учреждение \"Лицей № 78 имени А.С.Пушкина\"","м","нет",11,11,63,null,63,100,"Призер","Да","Мухтярова Эльмира Исхаковна","Муниципальное автономное общеобразовательное учреждение \"Лицей № 78 имени А.С.Пушкина\"","Экономика"]
[285,"261061_17110453317_10","Муниципальное автономное общеобразовательное учреждение \"Гимназия №61\" ","м","нет",11,11,62,null,62,100,"Призер","Да","Шамина Мария Николаевна","Муниципальное автономное общеобразовательное учреждение \"Гимназия №61\" г.Набережные Челны","Экономика"]
[286,"261030_16807823697_10","Муниципальное бюджетное общеобразовательное учреждение \"Средняя общеобразовательная школа №30\"","м","нет",11,11,60,null,60,100,"Призер",null,"Валиахметов Динар Ирекович","Муниципальное бюджетное общеобразовательное учреждение \"Средняя общеобразовательная школа №30\"","Экономика"]
[287,"261056_16110643314_10","Муниципальное автономное общеобразовательное учреждение «Средняя общеобразовательная школа №56»","м",null,11,11,60,null,60,100,"Призер","Да","Зиязетдинова Илиза Миннезагировна","Муниципальное автономное общеобразовательное учреждение города Набережные Челны «Средняя общеобразовательная школа №56»","Экономика"]
[288,"261059_16001961623_10","Муниципальное бюджетное образовательное учреждение \"Полилингвальная гимназия №59 \"Адымнар-Чаллы\"","ж","нет",11,11,59,null,59,100,"Призер",null,"Кирушина Аида Аликовна","Муниципальное бюджетное образовательное учреждение \"Полилингвальная гимназия №59 \"Адымнар-Чаллы\"","Экономика"]
[289,"263002_16219027849_10","Муниципальное бюджетное общеобразовательное учреждение \"Гимназия №2 имени Мулланура Вахитова\" ","ж","нет",11,11,58,null,58,100,"Призер","Да","Габдулвалиева Гузелия Рафаковна","Муниципальное бюджетное общеобразовательное учреждение \"Гимназия №2 имени Мулланура Вахитова\" города Набережные Челны","Экономика"]
[290,"265001_16335125343_10","Муниципальное автономное общеобразовательное учреждение «Гимназия 77»","м",null,11,11,55,null,55,100,"Призер","Да","Фаттахова Лилия Сабирзяновна","Муниципальное автономное общеобразовательное учреждение «Гимназия 77»","Экономика"]
[291,"261059_17594954334_10","Муниципальное бюджетное образовательное учреждение \"Полилингвальная гимназия №59 \"Адымнар-Чаллы\"","м","нет",11,11,53,null,53,100,"Призер","Да","Кирушина Аида Аликовна","Муниципальное бюджетное образовательное учреждение \"Полилингвальная гимназия №59 \"Адымнар-Чаллы\""]
[292,"261078_16202268729_10","Муниципальное автономное общеобразовательное учреждение \"Лицей № 78 имени А.С.Пушкина\"","м","нет",11,11,53,null,53,100,"Призер","Да","Мухтярова Эльмира Исхаковна","Муниципальное автономное общеобразовательное учреждение \"Лицей № 78 имени А.С.Пушкина\""]
[293,"261057_16207148946_10","Муниципальное бюджетное общеобразовательное учреждение \"Центр образования - Гимназия №57 \"Притяжение\"","м",null,11,11,53,null,53,100,"Призер","Да","Киямова Галия Фанисовна","Муниципальное бюджетное общеобразовательное учреждение \"Центр образования - Гимназия №57 \"Притяжение\""]
[294,"263018_16362823774_10","Муниципальное общеобразовательное учреждение \"Средняя общеобразовательная школа №18 с углубленным изучением отдельных предметов\"","ж",null,11,11,45,null,45,100,null,null,"Магдиева Альмира Марселовна","Муниципальное общеобразовательное учреждение \"Средняя общеобразовательная школа №18 с углубленным изучением отдельных предметов\""]
[295,"261035_15886477032_10","Муниципальное автономное общеобразовательное учреждение \"Средняя общеобразовтельная школа №35 с углубленным изучением отдельных предметов\" ","м","нет",11,11,43,null,43,100,null,null,"Альменеев Александр Геннадьевич","Муниципальное автономное общеобразовательное учреждение \"Средняя общеобразовтельная школа №35 с углубленным изучением отдельных предметов\" г. Набережные Челны Республики Татарстан"]
[296,"261019_16208679982_10","Муниципальное бюджетное общеобразовательное учреждение «Средняя общеобразовательная школа № 19 с углубленным изучением отдельных предметов»","ж","нет",11,11,42,null,42,100,null,null,"Гараева Чулпан Ринатовна","Муниципальное бюджетное общеобразовательное учреждение «Средняя общеобразовательная школа № 19 с углубленным изучением отдельных предметов»"]
[297,"261046_17305172544_10","Муниципальное бюджетное общеобразовательное учреждение \"Средняя общеобразовательная школа №46 имени кавалера ордена Мужества Дмитрия Бадретдинова\" ","ж","нет",11,11,39,null,39,100,null,null,"Ахметшина Айгуль Айратовна","Муниципальное бюджетное общеобразовательное учреждение \"Средняя общеобразовательная школа №46 имени кавалера ордена Мужества Дмитрия Бадретдинова\" г. Набережные Челны"]
[298,"261045_16681905501_10","Муниципальное бюджетное общеобразовательное учреждение \"Средняя общеобразовательная школа №45 с углубленным изучением отдельных предметов\" ","м","нет",11,11,37,null,37,100,null,null,"Лоскутово Ольга Николаевна","Муниципальное бюджетное общеобразовательное учреждение \"Средняя общеобразовательная школа №45 с углубленным изучением отдельных предметов\" г.Набережные Челны Республики Татарстан"]
[299,"261060_17129983094_10","Муниципальное бюджетное общеобразовательное учреждение «Средняя общеобразовательная школа №60»","ж",null,11,11,37,null,37,100,null,"Да","Шевченко Оксана Михайловна","Муниципальное бюджетное общеобразовательное учреждение «Средняя общеобразовательная школа №60»"]
[300,"261036_16940189190_10","Муниципальное автономное общеобразовательное учреждение \"Лицей инновационных технологий №36\" ","м","нет",11,11,36,null,36,100,null,null,"Муллин Айрат Адгамбикович","Муниципальное автономное общеобразовательное учреждение \"Лицей инновационных технологий №36\" г.Набережные Челны Республики Татарстан"]
[301,"261060_14897365529_10","Муниципальное бюджетное общеобразовательное учреждение «Средняя общеобразовательная школа №60»","м",null,11,11,36,null,36,100,null,null,"Шевченко Оксана Михайловна","Муниципальное бюджетное общеобразовательное учреждение «Средняя общеобразовательная школа №60»"]
[302,"261082_14994026701_10","Государственное бюджетное общеобразовательное учреждение \"Кадетская школа №82 имени Героя Советского Союза Ильдара Маннанова\" ","м",null,11,11,36,null,36,100,null,"Да","Мусин Айрат Салихзянович","Государственное бюджетное общеобразовательное учреждение \"Кадетская школа №82 имени Героя Советского Союза Ильдара Маннанова\" г. Набережные Челны Республики Татарстан"]
[303,"263054_16406100927_10","Муниципальное бюджетное общеобразовательное учреждение \"Гимназия №54\"","м","нет",11,11,34,null,34,100,null,null,"Махмутова Агуль Мусаяповна","Муниципальное бюджетное общеобразовательное учреждение \"Гимназия №54\""]
[304,"261021_16288076394_10","Муниципальное автономное общеобразовательное учреждение \"Средняя общеобразовательная школа № 21\" ","м",null,11,11,33,null,33,100,null,null,"Закиева Талия Назиловна","Муниципальное автономное общеобразовательное учреждение \"Средняя общеобразовательная школа № 21\" г.Набережные Челны"]
[305,"263079_17430680462_10","Муниципальное бюджетное общеобразовательное учреждение \"Лицей-интернат №79\" ","м",null,11,11,32,null,32,100,null,null,"Хусаинов Ильдар Ильгизович","Муниципальное бюджетное общеобразовательное учреждение \"Лицей-интернат №79\" г. Набережные Челны"]
[306,"261044_15846850812_10","Муниципальное бюджетное общеобразоаптельное учреждение \"Средняя общеобразовательная школа № 44\"","ж",null,11,11,31,15,46,100,null,"Да","Перевозчиков Александр Сергеевич","Муниципальное бюджетное общеобразоаптельное учреждение \"Средняя общеобразовательная школа № 44\""]
[307,"263058_16330972662_10","Муниципальное бюджетное общеобразовательное учреждение \"Средняя общеобразовательная школа №58\"","м","нет",11,11,30,null,30,100,null,null,"Гареева Гульназ Муллануровна","Муниципальное бюджетное общеобразовательное учреждение \"Средняя общеобразовательная школа №58\""]
[308,"261034_17359602391_10","Муниципальное автономное общеобразовательное учреждение \"Средняя общеобразовательная школа №34 с углубленным изучением отдельных предметов\"","ж","нет",11,11,30,null,30,100,null,null,"Борисов Игорь Федорович","Муниципальное автономное общеобразовательное учреждение \"Средняя общеобразовательная школа №34 с углубленным изучением отдельных предметов\""]
[309,"261045_16239940081_10","Муниципальное бюджетное общеобразовательное учреждение \"Средняя общеобразовательная школа №45 с углубленным изучением отдельных предметов\" ","м","нет",11,11,29,null,29,100,null,null,"Лоскутово Ольга Николаевна","Муниципальное бюджетное общеобразовательное учреждение \"Средняя общеобразовательная школа №45 с углубленным изучением отдельных предметов\" г.Набережные Челны Республики Татарстан"]
[310,"261028_17428592196_10","Муниципальное бюджетное общеобразовательное учреждение \"Средняя общеобразовательная школа №28\"","м","нет",11,11,26,null,26,100,null,null,"Шарафутдинов Региль Фандусович","Муниципальное бюджетное общеобразовательное учреждение \"Средняя общеобразовательная школа №28\""]
[311,"261033_17295483305_10","муниципальное бюджетное общеобразовательное учреждение \"Средняя общеобразовательная школа №33\"","ж","нет",11,11,26,null,26,100,null,null,"Галиева Светлана Николаевна","муниципальное бюджетное общеобразовательное учреждение \"Средняя общеобразовательная школа №33\""]
[312,"261041_19960882543_10","Муниципальное бюджетное общеобразовательное учреждение \"Средняя общеобразовательная школа №41\"","ж","нет",11,11,26,null,26,100,null,null,"Зайнетдинова Эльмира Гаптрашитовна","Муниципальное бюджетное общеобразовательное учреждение \"Средняя общеобразовательная школа №41\""]
[313,"261035_16931871602_10","Муниципальное автономное общеобразовательное учреждение \"Средняя общеобразовтельная школа №35 с углубленным изучением отдельных предметов\" ","ж","нет",11,11,26,null,26,100,null,null,"Гиматдинов Руслан Рафисович","Муниципальное автономное общеобразовательное учреждение \"Средняя общеобразовтельная школа №35 с углубленным изучением отдельных предметов\" г. Набережные Челны Республики Татарстан"]
[314,"261020_17595915531_10","Муниципальное бюджетное общеобразовательное учреждение \"Средняя общеобразовательная школа № 20\"","м","нет",11,11,25,null,25,100,null,null,"Кузьмина Лидия Михайловна","Муниципальное бюджетное общеобразовательное учреждение \"Средняя общеобразовательная школа № 20\""]
[315,"265006_16944949533_10","Муниципальное бюджетное общеобразовательное учреждение\"Многопрофильная школа №39\"","м",null,11,11,25,null,25,100,null,null,"Сергеева Зинаида Степановна","Муниципальное бюджетное общеобразовательное учреждение\"Многопрофильная школа №39\""]
[316,"261019_16192982091_10","Муниципальное бюджетное общеобразовательное учреждение «Средняя общеобразовательная школа № 19 с углубленным изучением отдельных предметов»","ж","нет",11,11,23,null,23,100,null,null,"Гараева Чулпан Ринатовна","Муниципальное бюджетное общеобразовательное учреждение «Средняя общеобразовательная школа № 19 с углубленным изучением отдельных предметов»"]
[317,"263018_17010884842_10","Муниципальное общеобразовательное учреждение \"Средняя общеобразовательная школа №18 с углубленным изучением отдельных предметов\"","ж",null,11,11,23,null,23,100,null,null,"Магдиева Альмира Марселовна","Муниципальное общеобразовательное учреждение \"Средняя общеобразовательная школа №18 с углубленным изучением отдельных предметов\""]
[318,"261055_15960660291_10","Муниципальное автономное общеобразовательное учреждение города Набережные Челны \"Средняя общеобразовательная школа №55\"","м","нет",11,11,23,null,23,100,null,null,"Бункевич Алексей Анатольевич","Муниципальное автономное общеобразовательное учреждение города Набережные Челны \"Средняя общеобразовательная школа №55\""]
[319,"263084_16316755066_10","Муниципальное автономное общеобразовательное учреждение  \"Лицей-интернат №84 имени Гали Акыша\"","ж","нет",11,11,22,null,22,100,null,null,"Имаева Альбина Александровна","Муниципальное автономное общеобразовательное учреждение города Набережные Челны \"Лицей-интернат №84 имени Гали Акыша\" Республики Татарстан"]
[320,"261017_17513171855_10","Муниципальное автономное общеобразовательное учреждение \"Средняя общеобразовательная школа № 17\"","м","нет",11,11,22,null,22,100,null,null,"Курбанова Гузель Наиловна","Муниципальное автономное общеобразовательное учреждение \"Средняя общеобразовательная школа № 17\""]
[321,"261021_18648922831_10","Муниципальное автономное общеобразовательное учреждение \"Средняя общеобразовательная школа № 21\" ","м",null,11,11,22,null,22,100,null,null,"Закиева Талия Назиловна","Муниципальное автономное общеобразовательное учреждение \"Средняя общеобразовательная школа № 21\" г.Набережные Челны"]
[322,"261080_15911425357_10","Муниципальное бюджетное общеобразовательное учреждение \"Гимназия №14\"","м",null,11,11,22,null,22,100,null,null,"Ишманов Ильдар Радикович","Муниципальное бюджетное общеобразовательное учреждение \"Гимназия №14\""]
[323,"261001_17669746644_10","Муниципальное автонономное общеобразовательное учреждение \"Средняя общеобразовательная школа №1\"","ж","нет",11,11,21,null,21,100,null,null,"Перелыгина Татьяна Анатольевна","Муниципальное автонономное общеобразовательное учреждение города Набережные челны \"Средняя общеобразовательная школа №1\""]
[324,"261034_18109384775_10","Муниципальное автономное общеобразовательное учреждение \"Средняя общеобразовательная школа №34 с углубленным изучением отдельных предметов\"","ж","нет",11,11,21,null,21,100,null,null,"Борисов Игорь Федорович","Муниципальное автономное общеобразовательное учреждение \"Средняя общеобразовательная школа №34 с углубленным изучением отдельных предметов\""]
[325,"261006_16090543048_10","Муниципальное бюджетное общеобразовательное учреждение Средняя общеобразовательная школа №6\"","м",null,11,11,20,null,20,100,null,null,"Воронина Галина Сергеевна","Муниципальное бюджетное общеобразовательное учреждение Средняя общеобразовательная школа №6 г.Набережные Челны"]
[326,"265006_16110646118_10","Муниципальное бюджетное общеобразовательное учреждение\"Многопрофильная школа №39\"","ж",null,11,11,19,null,19,100,null,null,"Сергеева Зинаида Степановна","Муниципальное бюджетное общеобразовательное учреждение\"Многопрофильная школа №39\""]
[327,"261042_17389879957_10","Муниципальное бюджетное общеобразовательное учреждение \"Профильный лицей № 42\"","ж",null,11,11,19,null,19,100,null,null,"Миронов Алексей Александрович","Муниципальное бюджетное общеобразовательное учреждение \"Профильный лицей № 42\""]
[328,"261023_17072802153_10","Муниципальное бюджетное общеобразовательное учреждение \"Средняя общеобразовательная школа №23\" ","ж","нет",11,11,18,null,18,100,null,null,"Самарханова Лилия Гумеровна","Муниципальное бюджетное общеобразовательное учреждение \"Средняя общеобразовательная школа №23\" г.Набережные Челны Республики Татарстан"]
[329,"261037_17404332744_10","Муниципальное бюджетное общеобразовательное учреждение \"Средняя общеобразовательная школа № 37 с углубленным изучением отдельных предметов\" ","м","нет",11,11,18,null,18,100,null,null,"Яровиков Евгений Владимирович","Муниципальное бюджетное общеобразовательное учреждение \"Средняя общеобразовательная школа № 37 с углубленным изучением отдельных предметов\" города Набережные Челны Республики Татарстан"]
[330,"261049_16919514000_10","Муниципальное автономное образовательное учреждение \"Кадетская школа № 49\"","ж","нет",11,11,17,null,17,100,null,null,"Шеломенцев Булат Алексеевич","Муниципальное автономное образовательное учреждение \"Кадетская школа № 49\", г.Набережные Челны"]
[331,"261061_17303530938_10","Муниципальное автономное общеобразовательное учреждение \"Гимназия №61\" ","ж","нет",11,11,17,null,17,100,null,null,"Шамина Мария Николаевна","Муниципальное автономное общеобразовательное учреждение \"Гимназия №61\" г.Набережные Челны"]
[332,"263012_16446878915_10","Муниципальное бюджетное образовательное учреждение \"Средняя общеобразовательная школа № 12\"","ж","нет",11,11,17,null,17,100,null,null,"Краснова Лилия Равилевна","Муниципальное бюджетное образовательное учреждение \"Средняя общеобразовательная школа № 12\""]
[333,"261055_15960493298_10","Муниципальное автономное общеобразовательное учреждение \"Средняя общеобразовательная школа №55\"","м","нет",11,null,16,null,16,100,null,null,"Бункевич Алексей Анатольевич","Муниципальное автономное общеобразовательное учреждение города Набережные Челны \"Средняя общеобразовательная школа №55\""]
[334,"261078_16239184170_10","Муниципальное автономное общеобразовательное учреждение \"Лицей № 78 имени А.С.Пушкина\"","м","нет",11,11,14,null,14,100,null,"Да","Мухтярова Эльмира Исхаковна","Муниципальное автономное общеобразовательное учреждение \"Лицей № 78 имени А.С.Пушкина\""]
[335,"261008_15710031317_10","Муниципальное бюджетное общеобразовательное учреждение «Средняя общеобразовательная школа № 8»","м","нет",11,11,13,null,13,100,null,null,"Сафин Данил Ильдарович","Муниципальное бюджетное общеобразовательное учреждение «Средняя общеобразовательная школа № 8»"]
[336,"261033_16216652453_10","Муниципальное бюджетное общеобразовательное учреждение \"Средняя общеобразовательная школа №33\"","ж","нет",11,11,13,null,13,100,null,null,"Галиева Светлана Николаевна","муниципальное бюджетное общеобразовательное учреждение \"Средняя общеобразовательная школа №33\""]
[337,"263052_17533227161_10","Муниципальное бюджетное общеобразовательное учреждение \"Средняя общеобразовательная школа №52\"","ж","нет",11,11,12,null,12,100,null,null,"Юнусов Марат Марсельевич","Муниципальное бюджетное общеобразовательное учреждение \"Средняя общеобразовательная школа №52\""]
[338,"263012_17420277350_10","Муниципальное бюджетное образовательное учреждение \"Средняя общеобразовательная школа № 12\"","ж","нет",11,11,12,null,12,100,null,null,"Краснова Лилия Равилевна","Муниципальное бюджетное образовательное учреждение \"Средняя общеобразовательная школа № 12\""]
[339,"261001_16224114825_10","Муниципальное автонономное общеобразовательное учреждение города Набережные челны \"Средняя общеобразовательная школа №1\"","ж","нет",11,11,11,null,11,100,null,null,"Перелыгина Татьяна Анатольевна","Муниципальное автонономное общеобразовательное учреждение города Набережные челны \"Средняя общеобразовательная школа №1\""]
[340,"261049_17543975408_10","Муниципальное автономное образовательное учреждение \"Кадетская школа № 49\"","ж","нет",11,11,11,null,11,100,null,null,"Шеломенцев Булат Алексеевич","Муниципальное автономное образовательное учреждение \"Кадетская школа № 49\", г.Набережные Челны"]
[341,"261017_17972609222_10","Муниципальное автономное общеобразовательное учреждение \"Средняя общеобразовательная школа № 17\"","ж","нет",11,11,10,null,10,100,null,null,"Курбанова Гузель Наиловна","Муниципальное автономное общеобразовательное учреждение \"Средняя общеобразовательная школа № 17\""]
[342,"261013_17086671089_10","Муниципальное бюджетное общеобразовательное учреждение «Средняя общеобразовательная школа № 13»","ж","нет",11,11,8,null,8,100,null,null,"Миндиярова Гульнара Фанисовна","Муниципальное бюджетное общеобразовательное учреждение «Средняя общеобразовательная школа № 13»"]